{"text_format":"3","workbook":"xls","n_sheets":17,"sheets":["COVER","SUMMARY","BOM untill 1st floor","1-GRW","2-CONC","M&P","4-PTN","5-C&WW","6-COV","7-F","8- WP","09- D & W","10-H&D ","11-EL","12-Sundries","BOM","11- Fire Protection"],"not_rendered":{"images":1,"external_links":1,"defined_names":26},"read":"whole","date_system":"1900","formulas":"cached_only"}

{"sheet":"COVER","index":0,"n_rows":6,"n_cols":4,"rows_kept":6,"merged":[[3,3,3,10],[4,3,4,10],[5,3,5,10],[6,3,6,10]],"flags":["formulas_cached_only"]}
[]
[]
[]
[{"$nulls":3},"MODIFICATIONS TO EXISTING MALDIVES GAS PORT BUILDING"]
[{"$nulls":3},"MALDIVES GAS - THILAFUSHI"]
[{"$nulls":3},"ANEXTURE 01- BIL OF QUANTITIES."]

{"sheet":"SUMMARY","index":1,"n_rows":36,"n_cols":6,"rows_kept":36,"merged":[[1,0,1,3],[2,0,2,3]],"flags":["formulas_cached_only"]}
["ANNEXTURE -01"]
["SUMMARY"]
["MODIFICATIONS TO EXISTING MALDIVES GAS PORT BUILDING"]
[]
["B.NO","Description","Amount (Mrf)"]
[]
[{"v":1,"d":"1.0"},"GROUND WORKS",0]
[]
[{"v":2,"d":"2.0"},"IN SITU CONCRETE",0,null,null,"%"]
[]
[{"v":3,"d":"3.0"},"MASONRY & PLASTERING",0]
[]
[{"v":4,"d":"4.0"},"PAINTING",0]
[]
[{"v":5,"d":"5.0"},"CARPENTRY & WOOD WORKS",0]
[]
[{"v":6,"d":"6.0"},"COVERING",0]
[]
[{"v":7,"d":"7.0"},"FLOOR, WALL & CEILING FINISHING ",0]
[]
[{"v":8,"d":"8.0"},"WATERPROOFING",0]
[]
[{"v":9,"d":"9.0"},"DOORS & WINDOWS.",0]
[]
[{"v":10,"d":"10.0"},"HYDRAULICS & DRAINAGE",0]
[]
[{"v":11,"d":"11.0"},"ELECTRICAL INSTALLATIONS",0]
[]
[{"v":12,"d":"12.0"},"BUILDING FABRIC SUNDRIES",0]
[]
[{"v":13,"d":"13.0"},"FIRE PROTECTION",0]
[]
[]
[null,"TOTAL                                                                               MVR.",0]
[null,"G.S.T (8%)",0]
[null,"Total with G.S.T (8%)",0]

{"sheet":"BOM untill 1st floor","index":2,"n_rows":42,"n_cols":8,"rows_kept":42,"hidden":true,"merged":[[0,0,0,6],[1,0,1,1]],"flags":["formulas_cached_only"]}
["Bill of Materials for SUNSHINE K. GURAIDHOO."]
["Required Major Materials."]
["SL.No","Description","Unit","Qty",null,"Rate","Total","Remarks"]
[]
["1 4 ","DPC"]
[1,"Bitumen","L",{"v":4,"d":"4.00"},{"v":3.1350000000000002,"d":"3.14"}]
[2,"LPDE , G500  black colour","Sqm",{"v":59,"d":"59.00"},{"v":58.300000000000004,"d":"58.30"}]
[]
["2 2 1","Lean Concrete"]
[1,"Cement ","Bag.",{"$error":"#REF!"},{"$error":"#REF!"}]
[2,"M.Sand ","Bag.",{"$error":"#REF!"},{"$error":"#REF!"}]
[3,"C. Aggregate","Bag.",{"$error":"#REF!"},{"$error":"#REF!"}]
[]
[]
["2 2 2","Reinforced Concrete"]
[1,"Cement ","Bag.",{"$error":"#REF!"},{"$error":"#REF!"}]
[2,"M.Sand ","Bag.",{"$error":"#REF!"},{"$error":"#REF!"}]
[3,"C. Aggregate","Bag.",{"$error":"#REF!"},{"$error":"#REF!"}]
[4,"12mm Plywood Sheet ( 8x4 ft)","Nr.",{"v":35,"d":"35.00"},{"v":80,"d":"80.00"}]
[5,"2\"x2\" Timber","Ft",{"v":1600,"d":"1,600.00"},{"v":1600,"d":"1,600.00"}]
[6,"1\" wire Nail","kg",{"v":10,"d":"10.00"},{"v":10,"d":"10.00"}]
[7,"2.5\" wire Nail","kg",{"v":15,"d":"15.00"},{"v":15,"d":"15.00"}]
[8,"3\" wire Nail","kg",{"v":15,"d":"15.00"},{"v":15,"d":"15.00"}]
[9,"2\" Concrete Nail","kg",{"v":5,"d":"5.00"},{"v":5,"d":"5.00"}]
[10,"T16 Deform Bar","Nr.",{"$error":"#REF!"},{"$error":"#REF!"}]
[11,"T12 Deform Bar","Nr.",{"$error":"#REF!"},{"$error":"#REF!"}]
[12,"T10 Deform Bar","Nr.",{"$error":"#REF!"},{"$error":"#REF!"}]
[13,"R6 Deformed Bar","Nr.",{"$error":"#REF!"},{"$error":"#REF!"}]
[14,"G18 Binding Wire","kg",{"$error":"#REF!"},{"$error":"#REF!"}]
[15,"Strings -30m","Nr.",{"v":10,"d":"10.00"},{"v":10,"d":"10.00"}]
[16,"Bonding Agent","L",{"v":10,"d":"10.00"}]
[]
[]
[3,"Masonry & Plastering Work"]
[1,"100mm thick Solid cement blocks ( 300mm x 100mm x 150mm)","Nr.",{"v":6277,"d":"6,277.00"},{"v":6277,"d":"6,277.00"}]
[2,"100mm thick Hollow cement blocks ( 300mm x 100mm x 150mm)","Nr.",{"v":3208,"d":"3,208.00"},{"v":3208,"d":"3,208.00"}]
[3,"Cement","Bag.",{"v":130,"d":"130.00"},{"v":130,"d":"130.00"}]
[4,"River Fine Sand","Bag.",{"v":520,"d":"520.00"},{"v":520,"d":"520.00"}]
[]
[null,"Note:- "]
[null,"x-Assumed Shuttering with supports for First floor Slab will be taking by hire."]
[null,"x-considered Concrete Structure untill 1st floor Slab and Masony and plaster work for Ground floor and boundary wall."]

{"sheet":"1-GRW","index":3,"n_rows":28,"n_cols":6,"rows_kept":28,"merged":[[0,0,0,5],[1,0,1,1]],"flags":["formulas_cached_only"]}
["MODIFICATIONS TO EXISTING MALDIVES GAS PORT BUILDING"]
[]
["SL.No","Description","Unit","Qty","Rate","Total"]
[null,"MODIFICATIONS TO EXISTING MALDIVES GAS PORT BUILDING"]
[{"v":1,"d":"1.00"},"GENERAL"]
[null,"Rate shall include for mobilisation, site management costs, materials, labour, water, electricity,  cleaning & proper disposal, demobilisation, vehicles, vessels, permits, equipment & tools including all necessary transport & storage required for the proper execution & completion of the works."]
[{"v":1,"d":"(1)"},"SITE MANAGEMENT COST ","LS",{"v":1,"d":"1.00"},0,0]
[null,"BILL No: 01"]
[null,"GROUND WORKS"]
[1,"SITE CLEARING"]
[null,"Rate shall include for site clearing including removing site vegetation & trees, grubbing up roots, filling voids, levelling, providing proper earthwork support to faces of excavations, & disposal of surplus materials offsite to an approved location "]
[1.1,"Site Cleaning "]
[{"v":1,"d":"(1)"},"Demolition of existing wall and removal of side fence, chipping walls for joints, & disposal of waste materials away from the site to an approved location","LS",{"v":1,"d":"1.00"},0,0]
[{"v":2,"d":"2.0"},"Excavating"]
[null,"Note: Excavation quantities are measured to the faces of concrete members. The quantities given are the bulk before excavating and no allowance is made for subsequent variations to bulk or for extra space for working space or to accommodate  earthwork support. Rate shall include for all additional excavation required to place the formwork/shuttering, working space and dewatering the trenches for the required days. "]
[null,"Rate shall also include for site clearing including removing site vegetation & trees, grubbing up roots, filling voids, levelling, providing proper earthwork support to faces of excavations, & disposal of surplus materials offsite to an approved location by Island office."]
[null," Rate shall also include for filling to excavation with available sand arisen from excavations, in 150mm thick  layers well ram and consolidate.  Rate shall also include for Compacting and levelling  bottoms of excavations. Compaction shall be done using appropriate method such as compactor to achieve appropriate degree of compaction minimum 150Kpa strength."]
[{"v":1,"d":"(1)"},"Excavating Trenches, width ≤ 0.30m, maximum depth ≤ 1.00m, commencing from ground level","m³",{"v":18.7,"d":"18.70"},0,0]
[{"v":3,"d":"3.0"},"Filling & Compaction"]
[null,"Rate shall include for levelling & compaction to achieve appropriate degree of compaction."]
[null,"Compaction shall be done in 150mm thick layers using appropriate method such as compactor to achieve minimum 150Kpa strength."]
[{"v":1,"d":"(1)"},"Hardcore filling to make up levels, average thickness > 0.25m,  with available sand arisen from excavations (after screening) or obtained offsite, in 150mm thick  layers well ram and consolidate.   ","m³",{"v":16.8,"d":"16.80"},0,0]
[{"v":4,"d":"4.0"},"DPC"]
[null,"Note: Rates shall include for: dressing around and sealing to avoid all penetrations"]
[{"v":1,"d":"(1)"},"Bellow the Ground  all Structures must be apply  2 coats  bitumastic paint (Fosroc or equivalent) ","m²",{"v":11.4,"d":"11.40"},0,0]
[{"v":2,"d":"(2)"},"LPDE damp proofing  Member below Ground Floor Slab. (G500  black colour)","m²",{"v":53,"d":"53.00"},0,0]
[null,"BILL No: 01  GROUND WORKS"]
[null,"TOTAL OF BILL No: 01 - Carried over to summary",{"$nulls":3},0]

{"sheet":"2-CONC","index":4,"n_rows":65,"n_cols":6,"rows_kept":65,"merged":[[1,0,1,1]],"flags":["formulas_cached_only"]}
["MODIFICATIONS TO EXISTING MALDIVES GAS PORT BUILDING"]
[]
["SL.No","Description","Unit","Qty","Rate","Total"]
[null,"BILL No: 02"]
[null,"IN SITU CONCRETE"]
[{"v":1,"d":"1.0"},"GENERAL"]
[null,"(a) The volume of concrete measured includes that occupied by reinforcement, other metal sections & chamfers or internal splays each not exceeding 0.01m² in cross-section area."]
[null,"(b) Rate shall include for: formwork, provision to place in position; casting of all required items and finishing after removal of formwork and additional concrete required to conform to structural and excavated tolerances."]
[null,"(c) Mix ratio for reinforced concrete shall be 1:2:3 and lean concrete shall be 1:2:4 by volume"]
[null,"(d) Rate shall also include for application of two coats of bitumastic paint (Fosroc or equivalent) to all concrete surfaces below ground level or in contact with soil."]
[null,"(e) Any required chemical bonding agent shall be approved by client."]
[]
[{"v":2,"d":"2.0"},"Mixing/Casting/Curing in situ concrete"]
[null,"Note: Quantity is measured to the edges of concrete members. Rate shall be inclusive of any additional concrete required to place the formwork."]
[2.1,"Lean Concrete"]
[{"v":1,"d":"(1)"},"Beds, thickness ≤ 150mm (50mm thick lean concrete to the bottom of foundation structures.)","m³",2.34,0,0]
[]
[2.2,"Reinforced Concrete"]
[null,"In-situ reinforced concrete to:"]
[{"v":1,"d":"(1)"},"Foundation Beams"]
["a","Foundation Beams","m³",6.75,0,0]
[]
[{"v":2,"d":"(2)"},"Columns including below ground"]
[]
["a","Reinforced Concrete Columns","m³",{"v":4.5,"d":"4.50"},0,0]
[{"v":3,"d":"(3)"},"Beams "]
["c","Roof Beam ","m³",6.75,0,0]
[]
[{"v":4,"d":"(4)"},"Slab 75mm thick"]
["a","Ground Floor ","m³",{"v":9.5,"d":"9.50"},0,0]
[]
[{"v":5,"d":"(5)"},"Lintel & Sill Beam as per the drawing for All Floors.","Item",{"v":1,"d":"1.00"},0,0]
[]
[{"v":3,"d":"3.0"},"Reinforcement for in situ concrete"]
[null,"GENERAL"]
[null,"(a) Rates shall include for: cleaning, fabrication, placing, the provision for all necessary temporary fixings and supports, laps,  hooks and tying wire,  spacers and chairs and any wastage."]
[null,"(b) All reinforcing bars except 6mm dia bars shall be high strength deformed bars"]
[]
[3.1,"Foundation Beams"]
[{"v":1,"d":"(1)"},"T12 mm nominal Ø bars, straight","m",{"v":686,"d":"686.00"},0,0]
[{"v":2,"d":"(2)"},"R6 mm nominal Ø bars, stirrups","m",{"v":539,"d":"539.00"},0,0]
[]
[3.2,"Columns including below ground"]
[{"v":1,"d":"(1)"},"T16 mm nominal Ø bars, straight","m",{"v":163,"d":"163.00"},0,0]
[{"v":2,"d":"(2)"},"R6 mm nominal Ø bars, stirrups","m",{"v":169,"d":"169.00"},0,0]
[]
[3.3,"Roof Beam"]
[{"v":1,"d":"(1)"},"T12 mm nominal Ø bars, straight","m",{"v":686,"d":"686.00"},0,0]
[{"v":2,"d":"(2)"},"R6 mm nominal Ø bars, stirrups","m",{"v":200,"d":"200.00"},0,0]
[]
[]
[3.8," Floor Slab."]
[{"v":1,"d":"(1)"},"Ground Floor Slab"]
[null,"T10 mm nominal Ø bars, straight","m",{"v":1408,"d":"1,408.00"},0,0]
[]
[{"v":4,"d":"4.0"},"Form work."]
[null,"GENERAL"]
[null,"(a) Rates shall include for: fixing, removing the provision for all necessary temporary fixings, supports & Mold Oils with wastages."]
[]
[{"v":4.1,"d":"4.10"},"Foundation Beam","m2",{"v":85,"d":"85.00"},0,0]
[{"v":4.2,"d":"4.20"},"Columns including below ground","m2",{"v":128,"d":"128.00"},0,0]
[{"v":4.3,"d":"4.30"},"Roof Beam","m2",{"v":85,"d":"85.00"},0,0]
[{"v":4.3,"d":"4.30"}," Floor Slab.","m2",{"v":15.6,"d":"15.60"},0,0]
[null,"BILL No: 02 IN SITU CONCRETE"]
[null,"TOTAL OF BILL No: 02 - Carried over to summary",{"$nulls":3},0]

{"sheet":"M&P","index":5,"n_rows":28,"n_cols":6,"rows_kept":28,"merged":[[1,1,1,2]],"flags":["formulas_cached_only"]}
[null,"MODIFICATIONS TO EXISTING MALDIVES GAS PORT BUILDING"]
[]
["SL.No","Description","Unit","Qty","Rate","Total"]
[null,"BILL No: 03"]
[null,"MASONRY & PLASTERING"]
[{"v":1,"d":"1.0"},"GENERAL"]
[null,"(a) Rate shall include for: Cleaning, out cavities, forming rebated reveals and pointing and cleaning down to reveals where necessary, fractional size blocks, all necessary machine cutting, cutting of leaving holes and opening as recesses for and building in pipes, conduits, sleaves and similar as required for all trades; leaving surfaces rough or racking out joints for plastering and flashing, bedding frames or plates, building in joists, bearers or similar , temporary supports to openings, templates, reinforcement in walls and for all necessary making good."]
[null,"(b) Rate shall include for providing & fixing plastering mesh at joints between structural members and masonry walls."]
[]
[{"v":2,"d":"2.0"},"CEMENT BLOCK WALL"]
[{"v":1,"d":"(1)"},"150mm thick, vertical masonry wall, with solid cement blocks 300mm x 150mm x 150mm, laid in courses of strecher bonds, with 1:4 cement : sand mortar the rate shall shall include stiffner column and beam."]
[null,"External block wall"]
["a","Ground floor external wall including Bellow Ground Floor Level","m²",{"v":143.8,"d":"143.80"},0,0]
["b","1.2m Wall","m²",{"v":249,"d":"249.00"},0,0]
[]
[{"v":3,"d":"3.0"},"PLASTERING"]
[{"v":1,"d":"(1)"},"Plastering external walls incl columns & beams with 25mm for external. cement : sand mortar of 1:4 ratio in One coats "]
[]
["a","Ground Floor Level including below ground block wall","m²",{"v":287.6,"d":"287.60"},0,0]
["b","1.2m Wall","m²",{"v":498,"d":"498.00"},0,0]
[]
[{"v":4,"d":"4.0"},"FLOOR SCREED "]
[]
[null,"Ground Floor"]
["a","50mm thick floor Screed with 1:4 Cement Mortar","m²",{"v":53,"d":"53.00"},0,0]
[]
[null,"BILL No: 03- MASONRY & PLASTERING"]
[null,"TOTAL OF BILL No: 03 - Carried over to summary",{"$nulls":3},0]

{"sheet":"4-PTN","index":6,"n_rows":34,"n_cols":6,"rows_kept":34,"merged":[[1,0,1,1]],"flags":["formulas_cached_only"]}
["MODIFICATIONS TO EXISTING MALDIVES GAS PORT BUILDING"]
[]
["SL.No","Description","Unit","Qty","Rate","Total"]
[null,"BILL No: 04"]
[null,"PAINTING"]
[{"v":1,"d":"1.0"},"GENERAL"]
[null,"(a) All painting work shall be carried in accordance with the Specifications"]
[null,"(b) The work is deemed to include rubbing down with glass, emery or sand paper."]
[null,"(c) All interior walls above ground & ceilings must be applied with one coat of putty before application of paint. Rate shall include for primer coat & two finishing coat as specified to manufacturers instructions."]
[null,"(d) External walls above shall be applied with one coat of primer and two finishing coats of weather bond wall paint as specified to manufacturers instructions."]
[null,"(f) Unless otherwise specified all Internal floor surfaces shall be painted with one coat of primer and two finishing coats of floor paint as specified to manufacturers instructions."]
[null,"(g) External exposed floor surfaces shall be painted with one coat of primer and two finishing coats of external floor paint as specified to manufacturers instructions."]
[null,"(h) Paint codes;"]
[null,"* Interior & exterior walls primer paint: Nippon, Vinilex 5170"]
[null,"* Interior walls finishing paint: Nippon, PEARLY SHELL – NP OW 2153P"]
[null,"* Exterior walls finishing paint: Nippon, WHITE LILAC – NP OW 1050P"]
[null,"* Ceiling primer paint: Nippon, Bodelac 9000 under coat"]
[null,"* Ceiling finishing paint: Nippon, Bodelac 9000, SIMPLY WHITE – NP OW 2146P"]
[null,"*Internal floor paint - SIGMA CM coating - 4199 Green"]
[null,"*External floor paint Primer - Loxon (Concrete & Masonry primer/sealer interior/exterior latex A24W8300)"]
[null,"*External Floor finishing paint - Porch & Floor Enamel (Interior/Exterior Acrylic Satin A32-200 series) - SW 6256, Serious Gray"]
[{"v":2,"d":"2.0"},"MASONRY WALLS "]
[{"v":1,"d":"(1)"},"External Walls"]
["a)","Ground Floor","m²",{"v":785.6,"d":"785.60"},0,0]
[]
[{"v":3,"d":"3.0"},"CEILINGS"]
[{"v":1,"d":"(1)"},"External Ceilings"]
["a)","Eaves","m²",null,null,0]
[{"v":1,"d":"(1)"},"Internal Ceilings"]
[null,"6mm Cement Fiber Ceiling"]
["a","Ground Floor","m²",{"v":53,"d":"53.00"},0,0]
[]
[null,"BILL No: 04- PAINTING"]
[null,"TOTAL OF BILL No: 04 - Carried over to summary",{"$nulls":3},0]

{"sheet":"5-C&WW","index":7,"n_rows":17,"n_cols":6,"rows_kept":17,"merged":[[1,1,1,2]],"flags":["formulas_cached_only"]}
[null,"MODIFICATIONS TO EXISTING MALDIVES GAS PORT BUILDING"]
[]
["SL.No","Description","Unit","Qty","Rate","Total"]
[null,"BILL No: 05"]
[null,"CARPENTRY & WOOD WORKS"]
[{"v":1,"d":"1.0"},"GENERAL"]
[null,"(a) Rate shall include for; Timber, dressing over angle fillets, turning into grooves, all other labours, circular edges, nails, screws and ather fixings and laps."]
[null,"(b) All structural framing timber shall be of hardwood of good quality free from defects, treated with solignum or equivalent material."]
[]
[{"v":2,"d":"2.0"},"CEILINGS"]
[{"v":1,"d":"(1)"},"6mm thick Cement Fiber  board  Suspended type ceiling with 2x1 timber frame work , Member spacing should be 600c/c BW."]
["a","Ground Floor","m²",{"v":307,"d":"307.00"},null,0]
["c","Second Floor","m²",{"$error":"#REF!"},{"v":650,"d":"650.00"},{"$error":"#REF!"}]
[]
[]
[null,"BILL No: 05- CARPENTRY & WOOD WORKS"]
[null,"TOTAL OF BILL No: 05 - Carried over to summary",{"$nulls":3},0]

{"sheet":"6-COV","index":8,"n_rows":22,"n_cols":6,"rows_kept":22,"merged":[[1,1,1,2]],"flags":["formulas_cached_only"]}
[null,"MODIFICATIONS TO EXISTING MALDIVES GAS PORT BUILDING"]
[]
["SL.No","Description","Unit","Qty","Rate","Total"]
[null,"BILL No: 06"]
[null,"COVERING"]
[{"v":1,"d":"1.0"},"GENERAL"]
[null,"(a) Rate shall include for; fair edges, dressing over angle fillets, turning into grooves, all other labors, circular edges, nails, screws and ather fixings and laps."]
[null,"(b) Rate shall include for; all fabrication work, welding, marking drilling for bolts including those security timbers, steel, plates, bolts, nuts and any type of washer, reveted work, counter sinking and tapping for bolts or machine screws."]
[null,"(c) Rates shall include for fabrication and errection and temporary supports and fixing into possition."]
[]
[{"v":2,"d":"2.0"},"COVERING & ALLIED WORKS"]
[{"v":1,"d":"(1)"},"Roof covering with torres blue lysaght colour bond roofing sheets 0.47mm thick or equivalent","m²",{"v":127,"d":"127.00"},null,0]
[{"v":2,"d":"(2)"},"Lysaght torres blue Ridge Caping 0.47mm thick or equivalent ","m",null,null,0]
[{"v":3,"d":"(3)"},"Lysaght torres blue Flashings (Gable ends), 0.47mm thick or equivalent","m",{"v":35,"d":"35.00"},null,0]
[{"v":4,"d":"(4)"},"6\" x 6\" lysaght torres blue Gutter, 0.47mm thick or equivalent","m",{"v":25,"d":"25.00"},null,0]
[{"v":1,"d":"(1)"},"80mm PVC down pipes for rainwater drainage (including fittings)","m",{"v":12,"d":"12.00"},null,0]
[{"v":6,"d":"(6)"},"Heat Insulation with rockwool, single side aluminum foil inluding 25x25mm square sized plastic coated wire mesh supporting mesh","m²",{"v":127,"d":"127.00"},null,0]
[]
[]
[]
[null,"BILL No: 06- COVERING"]
[null,"TOTAL OF BILL No: 06 - Carried over to summary",{"$nulls":3},0]

{"sheet":"7-F","index":9,"n_rows":28,"n_cols":6,"rows_kept":28,"merged":[[1,0,1,1]],"flags":["formulas_cached_only"]}
["MODIFICATIONS TO EXISTING MALDIVES GAS PORT BUILDING"]
[]
["SL.No","Description","Unit","Qty","Rate","Total"]
[null,"BILL No: 07"]
[null,"FLOOR WALL AND CEILING FINISHES"]
[{"v":1,"d":"1.0"},"FINISHING - FLOOR AND WALL."]
[null,"(a) The work is deemed to include fair joints, cutting, drainage holes, bedding mortar and adhesives, grouting, cleaning, sealing & polishing"]
[null,"(b) The Ceiling Works is deemed to include all necesorry anchoring, timber, cement board, joint tapes and all ancilleries."]
[]
[1.2,"Floor"]
[{"v":1,"d":"(1)"},"Floor Paint"]
["a","Ground Floor","m²",{"v":254,"d":"254.00"},null,0]
[]
[{"v":2,"d":"(2)"},"Ceiling with 6mm Cement Fiber Board"]
["a","Ground Floor","m²",{"v":180,"d":"180.00"},null,0]
[]
[{"v":6,"d":"(6)"},"Terrace floor Finish : 300 x 300 Non- skid floor tile over the water proofed cement bed. The level falls only ≤ 15° from horizontal. Note: Tiles item code TT0523 from  Muni Home Care or equivalent approved"]
["a","Terrace floor Outdoor - ditto","m²",null,{"v":575,"d":"575.00"},0]
["b","Staircase lobby- ditto","m²",null,{"v":575,"d":"575.00"},0]
[]
[{"v":7,"d":"(7)"},"Corbel paving finish: 200x100x85 mm Interlocking corbel pawing over the compacted gravel bed and 25mm Manufacturing sand. Note- The patter and color shall be approved by the client."]
["a","Porch in ground level","m²",null,{"v":225,"d":"225.00"},0]
[]
[{"v":8,"d":"(8)"},"Power traveled concrete floor Finishes with Master top 100 or any other equal material   with 100mm tile Skirting."]
["a","Car Parking","m²",null,{"v":135,"d":"135.00"},0]
[]
[null,"BILL No: 07-FLOOR WALL AND CEILING FINISHES"]
[null,"TOTAL OF BILL No: 07 - Carried over to summary",{"$nulls":3},0]

{"sheet":"8- WP","index":10,"n_rows":29,"n_cols":6,"rows_kept":29,"merged":[[1,0,1,1]],"flags":["formulas_cached_only"]}
["MODIFICATIONS TO EXISTING MALDIVES GAS PORT BUILDING"]
[]
["SL.No","Description","Unit","Qty","Rate","Total"]
[null,"BILL No: 08"]
[null,"WATER PROOFING"]
[null,"Note :"]
[null,"       For the full description of materials"]
[null,"       and workmanship refer \"Specification"]
[null,"       of works\", \"Pricing Preambles\" and "]
[null,"       \"Drawings\"."]
[]
[null,"(a) Rates shall include the protective screed, grounds, rules, internal angles, fillet, external angles and exposed circular edges chases for trucking in etc;"]
[]
[null,"(b) Rate shall include cutting top line, notching bending and extra materials for lapping"]
[]
[null,"(c) Contractor shall submit ten years guarantee for water proofing material and workmanship through his specialist sub Contractor in the name of the Employer in an acceptable format"]
[]
[null,"(d) Application of approved suitable waterproofing material (\"Moyaproof ws2(m)\" or equivalent) as per manufacture's instruction to  wall  floor in toilets, Balconies and terrace area as specified . "]
[]
[{"v":1,"d":"(1)"},"Ground Floor."]
["a","In all joints areas to existing buildings","LS",{"v":1,"d":"1.00"},0,0]
[]
[]
[]
[{"v":8,"d":"(8)"},"Power traveled concrete floor Finishes with Master top 100 or any other equal material   with 100mm tile Skirting."]
["a","Car Parking","m²",null,{"v":135,"d":"135.00"},0]
[]
[null,"BILL No: 08-WATER PROOFING"]
[null,"TOTAL OF BILL No: 07 - Carried over to summary",{"$nulls":3},0]

{"sheet":"09- D & W","index":11,"n_rows":38,"n_cols":15,"rows_kept":38,"merged":[[1,0,1,1]],"flags":["formulas_cached_only"]}
["MODIFICATIONS TO EXISTING MALDIVES GAS PORT BUILDING"]
[]
["SL.No","Description","Unit","Qty","Rate","Total"]
[null,"BILL No: 09"]
[{"v":2,"d":"2.0"},"DOORS & WINDOWS"]
[2.1,"General"]
[null,"Notes: (a) Rates shall include for S.S ironmongeries including locks, latches, keys, door closures, push plates, pull handles, bolts, kick plates, hinges and all door & window hardware."]
[null,"(b)  Rates shall include for door frames, mullions, transoms, trims, glazing, tinting, panels, boarding, framing, lining, fastenings,  lintel, sills  and all fixings."]
[null,"(c) Aluminum extrusions used in fabrication of doors & windows shall be 60micron white colour powder coated. Angle bars shall be painted with SIGMA marine paint (5198 Grey colour)."]
[null,"(d) Rates shall include for glazing, painting & finishing."]
[null,"(e) Rates should include, necessary details as per the drawing"]
[2.2,"Doors "]
["a","Ground Floor"]
[{"v":1,"d":"(1)"},"D1 -( 850 x 210mm)","Nr",{"v":3,"d":"3.00"},0,0,"D1",{"v":1,"d":"1.00"},{"v":850,"d":"850.00"},{"v":210,"d":"210.00"},"mm",0]
[{"v":2,"d":"(2)"},"G1 -( 1200 x 2200mm)","Nr",{"v":1,"d":"1.00"},0,0,"G1",{"v":1,"d":"1.00"},{"v":1200,"d":"1,200.00"},{"v":2200,"d":"2,200.00"},"mm",{"v":13000,"d":"13,000.00"}]
[{"v":3,"d":"(3)"},"G2 -( 1200 x 2200mm)","Nr",{"v":1,"d":"1.00"},0,0,"G2",{"v":2,"d":"2.00"},{"v":1200,"d":"1,200.00"},{"v":2200,"d":"2,200.00"},"mm",{"v":13000,"d":"13,000.00"}]
[{"v":4,"d":"(4)"},"FG -( 1800 x 1200mm)","Nr",{"v":5,"d":"5.00"},0,0,"FG",{"v":5,"d":"5.00"},{"v":1800,"d":"1,800.00"},{"v":1200,"d":"1,200.00"},"mm",{"v":5832,"d":"5,832.00"}]
[{"v":5,"d":"(5)"},"SD1 -( 400 x 600mm)","Nr",{"v":1,"d":"1.00"},0,0,"SD1",{"v":1,"d":"1.00"},{"v":400,"d":"400.00"},{"v":600,"d":"600.00"},"mm",0]
[{"v":2,"d":"(2)"},"FG1 - (3685 x 2530mm)","Nr",0,0,0,null,0,0,0,"mm",0]
[{"v":2,"d":"(2)"},"FG2 - (3834 x 2530mm)","Nr",0,0,0,null,0,0,0,"mm",0]
[{"v":2,"d":"(2)"},"FG3 - (2663 x 2530mm)","Nr",0,0,0,null,0,0,0,"mm",0]
[{"v":2,"d":"(2)"},"FG4 - (1235 x 2530mm)","Nr",0,0,0,null,0,0,0,"mm",0]
[{"$nulls":3},0,0]
["b",{"$error":"#REF!"}]
[{"v":1,"d":"(1)"},"W1 - (890 x 1550mm)","Nr",0,0,0,"W1",0,0,0,"mm",0]
[{"v":2,"d":"(2)"},"W2 - (625 x 1550mm)","Nr",0,0,0,"W2",0,0,0,"mm",0]
[{"v":2,"d":"(2)"},"V1 - (625 x 750mm)","Nr",0,0,0,"V1",0,0,0,"mm",0]
[{"$nulls":14},0]
["b","Second Floor",null,0,0,0,null,0,0,0,"mm",0]
[{"v":1,"d":"(1)"},"W1 - (890 x 1550mm)","Nr",0,0,0,null,0,0,0,"mm",0]
[{"v":2,"d":"(2)"},"W2 - (625 x 1550mm)","Nr",0,0,0,null,0,0,0,"mm",0]
[{"v":2,"d":"(2)"},"FG2 - (3834 x 2530mm)","Nr",0,0,0,null,0,0,0,"mm",0]
[{"v":2,"d":"(2)"},"FG4 - (1235 x 2530mm)","Nr",0,0,0,null,0,0,0,"mm",0]
[{"$nulls":3},0,0,0,null,0,0,0,"mm",0]
["b","Terrace Floor",null,0,0,0,null,0,0,0,"mm",0]
[{"v":2,"d":"(2)"},"FG4 - (1235 x 2530mm)","Nr",0,0,0,null,0,0,0,"mm",0]
[null,"BILL No: 09- DOORS & WINDOWS"]
[null,"TOTAL OF BILL No: 09 - Carried over to summary",{"$nulls":3},0,"Total"]

{"sheet":"10-H&D ","index":12,"n_rows":22,"n_cols":6,"rows_kept":22,"merged":[[1,0,1,1]],"flags":["formulas_cached_only"]}
["MODIFICATIONS TO EXISTING MALDIVES GAS PORT BUILDING"]
[]
["SL.No","Description","Unit","Qty","M.Rate","Total"]
[null,"BILL No: 10"]
[null,"HYDRAULICS & DRAINAGE"]
[8.1,"HYDRAULICS"]
[null,"Preamble notes"]
[null," a) Rates shall include for sockets, running joints, connectors, elbows, junctions, valves, reducers, expansion joints, backnuts and similar, incidental fittings, clips saddles, brackets, straps, hangers, screws, nails and fixing complete, including cutting and forming holes, excavating, laying pipes and backfilling trenches."]
[" ","(b) All pipe work and fittings shall be high pressure PVC"]
[null,"(c) Rate shall include for supply and fixing of all pipes."]
[]
[8.2,"DRAINAGE"]
[1,"General"]
[null,"a) Rates shall include for excavation , maintaining faces,of drain  pipe trenches and pits, backfilling, disposal of surplus soil, bends, junctions, reducers, expansion joints and other incidental materials,"]
[null,"b) All pipe shall be UPVC"]
[]
[2,"Discharge pipe work"]
[{"v":1,"d":"(1)"},"Providing  discharge pipe connection complete as per the site requirement","Item",{"v":1,"d":"1.00"},null,0]
[]
[]
[null,"BILL No: 10 - HYDRAULIC AND DRAINAGE"]
[null,"TOTAL OF BILL No: 10 - Carried over to summary",{"$nulls":3},0]

{"sheet":"11-EL","index":13,"n_rows":40,"n_cols":6,"rows_kept":40,"merged":[[1,0,1,1]],"flags":["formulas_cached_only"]}
["MODIFICATIONS TO EXISTING MALDIVES GAS PORT BUILDING"]
[]
["SL.No","Description","Unit","Qty","Rate","Total"]
[null,"BILL No: 11"]
[null,"ELECTRICAL INSTALLATIONS"]
[9.1,"GENERAL"]
[null,"(a) Rates shall include for: screws, nails, bolts, nuts, standard cable fixing or supporting clips, brackets, straps, rivets, plugs and all incidental accessories"]
[null,"(b) Rates for work in trench shall include for: excavation, maintaining faces of excavations, backfilling, compaction, appropriate cable covers, warning tape and disposal of surplus spoil"]
[null,"(c) Light end and switch end of wiring together measured as one point"]
[null,"(d) A point wiring for power points is measured as one point for each socket outlet; other end of wire is not included in the quantity."]
[null,"(e) Rates shall include for supply and complete installation of all required light control switches, sunk boxes, conduit pipes etc "]
[null,"(f) Electrical works shall be done according to the standards set by the local governing body  & shall be certified."]
[null,"(g) All sockets & switches shall be ABB or clipsal or equivalent"]
[null,"(h) All the lights given code or equivalent should be approved."]
[9.2,"ELECTRICAL BOARDS"]
[null,"(a) Rate shall include for complete installation, including for all connections, earthing, testing."]
[{"v":1,"d":"(1)"},"Single Phase Distribution Board with plastic housing, pluged & screwed to cement block wall.","Nr",{"v":1,"d":"1.00"},0,0]
[{"v":2,"d":"(2)"},"Electric Meter Connections","Nr",{"v":1,"d":"1.00"},0,0]
[]
[9.3,"GENERAL ELECTRICAL WORKS"]
["1)","Ground Floor"]
["a","Wiring"]
[null,"1.5sqmm 1 way  Wiring point.","Nr",{"v":12,"d":"12.00"},0,0]
[null,"2.5sqmm 1 way Wiring  Points","Nr",{"v":8,"d":"8.00"},0,0]
[null,"Data network Point (Cat 6 / fiber )","Nr",{"v":2,"d":"2.00"},0,0]
[]
["b","Electrical Fittings."]
[null,"Air condition Unit BTU 9000","nos",0,{"v":8500,"d":"8,500.00"},0]
[null,"15A Single Socket Outlet.","nos",{"v":2,"d":"2.00"},0,0]
[null,"13A Single Socket Outlet.","nos",{"v":4,"d":"4.00"},0,0]
[null,"13A Single Water proof Socket Outlet.","nos",{"v":2,"d":"2.00"},0,0]
[null,"18W LED surface mounted Ceiling light","nos",{"v":6,"d":"6.00"},0,0]
[null,"11W LED surface mounted Ceiling light","nos",{"v":6,"d":"6.00"},0,0]
[null,"2 Gang Switch","nos",{"v":3,"d":"3.00"},0,0]
[null,"Electrical provision for can machine","nos",{"v":1,"d":"1.00"},0,0]
[null,"Earthing","nos",{"v":1,"d":"1.00"},0,0]
[]
[]
[null,"BILL No: 11 - ELECTRICAL INSTALLATIONS"]
[null,"TOTAL OF BILL No: 11 - Carried over to summary",{"$nulls":3},0]

{"sheet":"12-Sundries","index":14,"n_rows":13,"n_cols":6,"rows_kept":13,"merged":[[1,0,1,1]],"flags":["formulas_cached_only"]}
["MODIFICATIONS TO EXISTING MALDIVES GAS PORT BUILDING"]
[]
["SL.No","Description","Unit","Qty","Rate","Total"]
[null,"BILL No: 12"]
[null,"BUILDING ROOF CLADDING"]
[]
[10.1,"Miscelleneous"]
[{"v":1,"d":"(1)"},"Roof Cladding ",{"$nulls":3},0]
["a","Ground floor to cover roof","m2",{"v":18,"d":"18.00"},0,0]
[]
[]
[null,"BILL No: 12 - BUILDING ROOF CLADDING"]
[null,"TOTAL OF BILL No: 12- Carried over to summary",{"$nulls":3},0]

{"sheet":"BOM","index":15,"n_rows":597,"n_cols":15,"rows_kept":597,"hidden":true,"merged":[[1,0,1,6],[2,0,2,1],[596,1,596,3]],"flags":["formulas_cached_only"]}
["ANNEXTURE -02"]
["Bill of Materials for proposed Residential building, Iramaage, S. Hithadhoo"]
[" Major Civil Materials Requirement."]
["SL.No","Description","Unit","Qty",null,"Rate","Total","Remarks","RATE"]
[1,"DPC"]
[1,"Bitumen","L",{"v":4,"d":"4.00"},{"v":3.1350000000000002,"d":"3.14"},null,0,null,{"v":20,"d":"20.00"},{"v":80,"d":"80.00"}]
[2,"G1000 Polythene sheet","sqm",{"v":53,"d":"53.00"},{"v":53,"d":"53.00"},{"$nulls":3},{"v":60,"d":"60.00"},{"v":3180,"d":"3,180.00"}]
[]
[2,"Lean Concrete"]
[1,"Cement ","Bag.",{"$error":"#REF!"},{"$error":"#REF!"},{"v":150,"d":"150.00"},{"$error":"#REF!"},null,{"v":160,"d":"160.00"},{"$error":"#REF!"}]
[2,"M.Sand ","Bag.",{"$error":"#REF!"},{"$error":"#REF!"},{"v":65,"d":"65.00"},{"$error":"#REF!"},null,{"v":70,"d":"70.00"},{"$error":"#REF!"}]
[3,"C. Aggregate","Bag.",{"$error":"#REF!"},{"$error":"#REF!"},{"v":65,"d":"65.00"},{"$error":"#REF!"},null,{"v":70,"d":"70.00"},{"$error":"#REF!"}]
[{"$nulls":6},0,{"$nulls":3},"Total","Labor n Mis","Percent for labor n misc","Percent for materials"]
[3,"Reinforced Concrete",{"$nulls":7},{"$error":"#REF!"},0,{"$error":"#REF!"},{"$error":"#REF!"},{"$error":"#REF!"}]
[1,"Foundation Beams",{"$nulls":4},0]
[1,"Cement ","Bag.",{"$error":"#REF!"},{"$error":"#REF!"},{"v":150,"d":"150.00"},{"$error":"#REF!"},null,{"v":160,"d":"160.00"},{"$error":"#REF!"}]
[2,"M.Sand ","Bag.",{"$error":"#REF!"},{"$error":"#REF!"},{"v":65,"d":"65.00"},{"$error":"#REF!"},null,{"v":70,"d":"70.00"},{"$error":"#REF!"}]
[3,"C. Aggregate","Bag.",{"$error":"#REF!"},{"$error":"#REF!"},{"v":65,"d":"65.00"},{"$error":"#REF!"},null,{"v":70,"d":"70.00"},{"$error":"#REF!"}]
[4,"T10 Deform Bar","m",{"v":686,"d":"686.00"},{"v":686,"d":"686.00"},{"v":56,"d":"56.00"},{"v":38416,"d":"38,416.00"},null,{"v":17.24137931034483,"d":"17.24"},{"v":11827.586206896553,"d":"11,827.59"}]
[5,"G18 Binding Wire","kg",{"$error":"#REF!"},{"$error":"#REF!"},{"v":21,"d":"21.00"},{"$error":"#REF!"},null,{"v":35,"d":"35.00"},{"$error":"#REF!"}]
[{"$nulls":6},0,null,null,0]
[2,"Foundation beam (TB)",{"$nulls":4},0,null,null,0]
[1,"Cement ","Bag.",{"$error":"#REF!"},{"$error":"#REF!"},{"v":150,"d":"150.00"},{"$error":"#REF!"},null,{"v":160,"d":"160.00"},{"$error":"#REF!"}]
[2,"M.Sand ","Bag.",{"$error":"#REF!"},{"$error":"#REF!"},{"v":65,"d":"65.00"},{"$error":"#REF!"},null,{"v":70,"d":"70.00"},{"$error":"#REF!"}]
[3,"C. Aggregate","Bag.",{"$error":"#REF!"},{"$error":"#REF!"},{"v":65,"d":"65.00"},{"$error":"#REF!"},null,{"v":70,"d":"70.00"},{"$error":"#REF!"}]
[4,"T12 Deform Bar","m",{"$error":"#REF!"},{"$error":"#REF!"},{"v":97,"d":"97.00"},{"$error":"#REF!"},null,{"v":20.689655172413794,"d":"20.69"},{"$error":"#REF!"}]
[5,"R6 Deformed Bar","m",{"$error":"#REF!"},{"$error":"#REF!"},{"v":42,"d":"42.00"},{"$error":"#REF!"},null,{"v":35,"d":"35.00"},{"$error":"#REF!"}]
[6,"G18 Binding Wire","kg",{"$error":"#REF!"},{"$error":"#REF!"},{"v":21,"d":"21.00"},{"$error":"#REF!"},null,{"v":35,"d":"35.00"},{"$error":"#REF!"}]
[{"$nulls":6},0,null,null,0]
[3,{"$error":"#REF!"},{"$nulls":4},0,null,null,0]
[1,"Cement ","Bag.",{"$error":"#REF!"},{"$error":"#REF!"},{"v":150,"d":"150.00"},{"$error":"#REF!"},null,{"v":160,"d":"160.00"},{"$error":"#REF!"}]
[2,"M.Sand ","Bag.",{"$error":"#REF!"},{"$error":"#REF!"},{"v":65,"d":"65.00"},{"$error":"#REF!"},null,{"v":70,"d":"70.00"},{"$error":"#REF!"}]
[3,"C. Aggregate","Bag.",{"$error":"#REF!"},{"$error":"#REF!"},{"v":65,"d":"65.00"},{"$error":"#REF!"},null,{"v":70,"d":"70.00"},{"$error":"#REF!"}]
[4,"T16 Deform Bar","m",{"$error":"#REF!"},{"$error":"#REF!"},{"v":97,"d":"97.00"},{"$error":"#REF!"},null,{"v":20.689655172413794,"d":"20.69"},{"$error":"#REF!"}]
[5,"T12 Deform Bar","m",{"$error":"#REF!"},{"$error":"#REF!"},{"v":98,"d":"98.00"},{"$error":"#REF!"},null,{"v":6.0344827586206895,"d":"6.03"},{"$error":"#REF!"}]
[6,"R6 Deformed Bar","m",{"$error":"#REF!"},{"$error":"#REF!"},{"v":99,"d":"99.00"},{"$error":"#REF!"},null,{"v":35,"d":"35.00"},{"$error":"#REF!"}]
[7,"G18 Binding Wire","kg",{"$error":"#REF!"},{"$error":"#REF!"},{"v":21,"d":"21.00"},{"$error":"#REF!"},null,null,{"$error":"#REF!"}]
[{"$nulls":6},0,null,null,0]
[4,{"$error":"#REF!"},{"$nulls":4},0,null,null,0]
[1,"Cement ","Bag.",{"$error":"#REF!"},{"$error":"#REF!"},{"v":150,"d":"150.00"},{"$error":"#REF!"},null,{"v":160,"d":"160.00"},{"$error":"#REF!"}]
[2,"M.Sand ","Bag.",{"$error":"#REF!"},{"$error":"#REF!"},{"v":65,"d":"65.00"},{"$error":"#REF!"},null,{"v":70,"d":"70.00"},{"$error":"#REF!"}]
[3,"C. Aggregate","Bag.",{"$error":"#REF!"},{"$error":"#REF!"},{"v":65,"d":"65.00"},{"$error":"#REF!"},null,{"v":70,"d":"70.00"},{"$error":"#REF!"}]
[4,"T12 Deform Bar","m",{"$error":"#REF!"},{"$error":"#REF!"},{"v":97,"d":"97.00"},{"$error":"#REF!"},null,{"v":20.689655172413794,"d":"20.69"},{"$error":"#REF!"}]
[5,"T16 Deform Bar","m",{"$error":"#REF!"},{"$error":"#REF!"},{"$nulls":3},{"v":6.0344827586206895,"d":"6.03"},{"$error":"#REF!"}]
[6,"R6 Deformed Bar","m",{"$error":"#REF!"},{"$error":"#REF!"},{"v":42,"d":"42.00"},{"$error":"#REF!"},null,{"v":35,"d":"35.00"},{"$error":"#REF!"}]
[7,"G18 Binding Wire","kg",{"$error":"#REF!"},{"$error":"#REF!"},{"v":21,"d":"21.00"},{"$error":"#REF!"},null,null,{"$error":"#REF!"}]
[{"$nulls":6},0,null,null,0]
[5,"Slab(Ground  Floor)",{"$nulls":4},0,null,null,0]
[1,"Cement ","Bag.",{"$error":"#REF!"},{"$error":"#REF!"},{"v":150,"d":"150.00"},{"$error":"#REF!"},null,{"v":160,"d":"160.00"},{"$error":"#REF!"}]
[2,"M.Sand ","Bag.",{"$error":"#REF!"},{"$error":"#REF!"},{"v":65,"d":"65.00"},{"$error":"#REF!"},null,{"v":70,"d":"70.00"},{"$error":"#REF!"}]
[3,"C. Aggregate","Bag.",{"$error":"#REF!"},{"$error":"#REF!"},{"v":65,"d":"65.00"},{"$error":"#REF!"},null,{"v":70,"d":"70.00"},{"$error":"#REF!"}]
[4,"R6 Deform Bar","m",{"$error":"#REF!"},{"$error":"#REF!"},{"v":42,"d":"42.00"},{"$error":"#REF!"},null,{"v":20.689655172413794,"d":"20.69"},{"$error":"#REF!"}]
[6,"G18 Binding Wire","kg",{"$error":"#REF!"},{"$error":"#REF!"},{"v":21,"d":"21.00"},{"$error":"#REF!"},null,{"v":6.0344827586206895,"d":"6.03"},{"$error":"#REF!"}]
[{"$nulls":6},0,null,{"v":35,"d":"35.00"},0]
[6,"Slab First Floor",{"$nulls":4},0,null,null,0]
[1,"Cement ","Bag.",{"$error":"#REF!"},{"$error":"#REF!"},{"v":150,"d":"150.00"},{"$error":"#REF!"},null,{"v":160,"d":"160.00"},{"$error":"#REF!"}]
[2,"M.Sand ","Bag.",{"$error":"#REF!"},{"$error":"#REF!"},{"v":65,"d":"65.00"},{"$error":"#REF!"},null,{"v":70,"d":"70.00"},{"$error":"#REF!"}]
[3,"C. Aggregate","Bag.",{"$error":"#REF!"},{"$error":"#REF!"},{"v":65,"d":"65.00"},{"$error":"#REF!"},null,{"v":70,"d":"70.00"},{"$error":"#REF!"}]
[4,"T10 Deform Bar","m",{"$error":"#REF!"},{"$error":"#REF!"},{"v":56,"d":"56.00"},{"$error":"#REF!"},null,{"v":17.24137931034483,"d":"17.24"},{"$error":"#REF!"}]
[6,"G18 Binding Wire","kg",{"$error":"#REF!"},{"$error":"#REF!"},{"v":21,"d":"21.00"},{"$error":"#REF!"},null,{"v":35,"d":"35.00"},{"$error":"#REF!"}]
[{"$nulls":6},0,null,null,0]
[7,"Staircase.",{"$nulls":4},0,null,null,0]
[1,"Cement ","Bag.",{"$error":"#REF!"},{"$error":"#REF!"},{"v":150,"d":"150.00"},{"$error":"#REF!"},null,{"v":160,"d":"160.00"},{"$error":"#REF!"}]
[2,"M.Sand ","Bag.",{"$error":"#REF!"},{"$error":"#REF!"},{"v":65,"d":"65.00"},{"$error":"#REF!"},null,{"v":70,"d":"70.00"},{"$error":"#REF!"}]
[3,"C. Aggregate","Bag.",{"$error":"#REF!"},{"$error":"#REF!"},{"v":65,"d":"65.00"},{"$error":"#REF!"},null,{"v":70,"d":"70.00"},{"$error":"#REF!"}]
[4,"T10 Deform Bar","m",{"$error":"#REF!"},{"$error":"#REF!"},{"v":56,"d":"56.00"},{"$error":"#REF!"},null,{"v":17.24137931034483,"d":"17.24"},{"$error":"#REF!"}]
[6,"G18 Binding Wire","kg",{"$error":"#REF!"},{"$error":"#REF!"},{"v":21,"d":"21.00"},{"$error":"#REF!"},null,{"v":35,"d":"35.00"},{"$error":"#REF!"}]
[{"$nulls":6},0,{"$nulls":3},"Total","Labor n Mis","Percent for labor n misc","Percent for materials"]
[4,"Masonry ",{"$nulls":7},{"$error":"#REF!"},0,{"$error":"#REF!"},{"$error":"#REF!"},{"$error":"#REF!"}]
[1,"Ground Floor Including  Boundary wall and substructure part",{"$nulls":4},0]
[1,"100mm thick Solid cement blocks ( 300mm x 100mm x 150mm)","Nr.",{"$error":"#REF!"},{"$error":"#REF!"},{"v":9,"d":"9.00"},{"$error":"#REF!"},null,{"v":8,"d":"8.00"},{"$error":"#REF!"}]
[3,"Cement","Bag.",{"$error":"#REF!"},{"$error":"#REF!"},{"v":150,"d":"150.00"},{"$error":"#REF!"},null,{"v":160,"d":"160.00"},{"$error":"#REF!"}]
[4,"M. Sand","Bag.",{"$error":"#REF!"},{"$error":"#REF!"},{"v":65,"d":"65.00"},{"$error":"#REF!"},null,{"v":75,"d":"75.00"},{"$error":"#REF!"}]
[{"$nulls":6},0,null,null,0]
[2,"First floor",{"$nulls":4},0,null,null,0]
[1,"150mm thick Solid cement blocks ( 300mm x 100mm x 150mm)","Nr.",{"$error":"#REF!"},{"$error":"#REF!"},{"v":9,"d":"9.00"},{"$error":"#REF!"},null,{"v":12,"d":"12.00"},{"$error":"#REF!"}]
[3,"Cement","Bag.",{"$error":"#REF!"},{"$error":"#REF!"},{"v":150,"d":"150.00"},{"$error":"#REF!"},null,{"v":160,"d":"160.00"},{"$error":"#REF!"}]
[4,"M. Sand","Bag.",{"$error":"#REF!"},{"$error":"#REF!"},{"v":65,"d":"65.00"},{"$error":"#REF!"},null,{"v":75,"d":"75.00"},{"$error":"#REF!"}]
[{"$nulls":6},0,null,null,0,{"$nulls":3},16.666666666666668]
[3,"above roof beam level",{"$nulls":4},0,null,null,0]
[1,"150mm thick Solid cement blocks ( 300mm x 100mm x 150mm)","Nr.",{"$error":"#REF!"},{"$error":"#REF!"},{"v":9,"d":"9.00"},{"$error":"#REF!"},null,{"v":12,"d":"12.00"},{"$error":"#REF!"}]
[2,"Cement","Bag.",{"$error":"#REF!"},{"$error":"#REF!"},{"v":150,"d":"150.00"},{"$error":"#REF!"},null,{"v":160,"d":"160.00"},{"$error":"#REF!"}]
[3,"M. Sand","Bag.",{"$error":"#REF!"},{"$error":"#REF!"},{"v":65,"d":"65.00"},{"$error":"#REF!"},null,{"v":75,"d":"75.00"},{"$error":"#REF!"}]
[{"$nulls":6},0,null,null,0]
[null,"Terrace floor",{"$nulls":4},0,null,null,0]
[1,"150mm thick Solid cement blocks ( 300mm x 100mm x 150mm)","Nr.",{"$error":"#REF!"},{"$error":"#REF!"},{"v":9,"d":"9.00"},{"$error":"#REF!"},null,{"v":12,"d":"12.00"},{"$error":"#REF!"}]
[2,"Cement","Bag.",{"$error":"#REF!"},{"$error":"#REF!"},{"v":150,"d":"150.00"},{"$error":"#REF!"},null,{"v":160,"d":"160.00"},{"$error":"#REF!"}]
[3,"M. Sand","Bag.",{"$error":"#REF!"},{"$error":"#REF!"},{"v":65,"d":"65.00"},{"$error":"#REF!"},null,{"v":75,"d":"75.00"},{"$error":"#REF!"}]
[{"$nulls":6},0,null,null,0]
[{"$nulls":6},0,null,null,0,"Total","Labor n Mis","Percent for labor n misc","Percent for materials"]
[5," Plastering Work",{"$nulls":7},{"$error":"#REF!"},0,{"$error":"#REF!"},{"$error":"#REF!"},{"$error":"#REF!"}]
[1,"Ground Floor Including  Boundary wall and substructure part",{"$nulls":4},0,null,null,0]
[1,"Cement","Bag.",{"$error":"#REF!"},{"$error":"#REF!"},{"v":150,"d":"150.00"},{"$error":"#REF!"},null,{"v":160,"d":"160.00"},{"$error":"#REF!"}]
[2,"River Fine Sand","Bag.",{"$error":"#REF!"},{"$error":"#REF!"},{"v":80,"d":"80.00"},{"$error":"#REF!"},null,{"v":90,"d":"90.00"},{"$error":"#REF!"}]
[{"$nulls":6},0,null,null,0]
[2,"First floor",{"$nulls":4},0,null,null,0]
[1,"Cement","Bag.",{"$error":"#REF!"},{"$error":"#REF!"},{"v":150,"d":"150.00"},{"$error":"#REF!"},null,{"v":160,"d":"160.00"},{"$error":"#REF!"}]
[2,"River Fine Sand","Bag.",{"$error":"#REF!"},{"$error":"#REF!"},{"v":80,"d":"80.00"},{"$error":"#REF!"},null,{"v":90,"d":"90.00"},{"$error":"#REF!"}]
[{"$nulls":6},0,null,null,0]
[3,"above roof beam level",{"$nulls":4},0,null,null,0]
[1,"Cement","Bag.",{"$error":"#REF!"},{"$error":"#REF!"},{"v":150,"d":"150.00"},{"$error":"#REF!"},null,{"v":160,"d":"160.00"},{"$error":"#REF!"}]
[2,"River Fine Sand","Bag.",{"$error":"#REF!"},{"$error":"#REF!"},{"v":80,"d":"80.00"},{"$error":"#REF!"},null,{"v":90,"d":"90.00"},{"$error":"#REF!"}]
[null,"Terrace floor",{"$nulls":4},0,null,null,0]
[1,"Cement","Bag.",{"$error":"#REF!"},{"$error":"#REF!"},{"v":150,"d":"150.00"},{"$error":"#REF!"},null,{"v":160,"d":"160.00"},{"$error":"#REF!"}]
[2,"River Fine Sand","Bag.",{"$error":"#REF!"},{"$error":"#REF!"},{"v":80,"d":"80.00"},{"$error":"#REF!"},null,{"v":90,"d":"90.00"},{"$error":"#REF!"}]
[{"$nulls":9},0]
[6,"Floor Screed",{"$nulls":7},0]
[1,"Ground Floor",{"$nulls":7},0]
[1,"Cement","Bag.",{"$error":"#REF!"},{"$error":"#REF!"},{"v":150,"d":"150.00"},{"$error":"#REF!"},null,{"v":160,"d":"160.00"},{"$error":"#REF!"}]
[2,"River Fine Sand","Bag.",{"$error":"#REF!"},{"$error":"#REF!"},{"v":80,"d":"80.00"},{"$error":"#REF!"},null,{"v":90,"d":"90.00"},{"$error":"#REF!"}]
[{"$nulls":9},0]
[2,"First Floor",{"$nulls":7},0]
[1,"Cement","Bag.",{"$error":"#REF!"},{"$error":"#REF!"},{"v":150,"d":"150.00"},{"$error":"#REF!"},null,{"v":160,"d":"160.00"},{"$error":"#REF!"}]
[2,"River Fine Sand","Bag.",{"$error":"#REF!"},{"$error":"#REF!"},{"v":80,"d":"80.00"},{"$error":"#REF!"},null,{"v":90,"d":"90.00"},{"$error":"#REF!"}]
[]
[{"$nulls":6},0,{"$nulls":3},"Total","Labor n Mis","Percent for labor n misc","Percent for materials"]
[7,"Painting Work",{"$nulls":7},{"$error":"#REF!"},0,{"$error":"#REF!"},{"$error":"#REF!"},{"$error":"#REF!"}]
[1,"External Walls",{"$nulls":4},0]
[null,"Ground Floor",{"$nulls":4},0]
[1,"Wall Sealer","l",{"$error":"#REF!"},{"$error":"#REF!"},null,{"$error":"#REF!"},null,{"v":75,"d":"75.00"},{"$error":"#REF!"}]
[2,"Weather Shield Paint","l",{"$error":"#REF!"},{"$error":"#REF!"},null,{"$error":"#REF!"},null,{"v":150,"d":"150.00"},{"$error":"#REF!"}]
[{"$nulls":6},0,null,null,0]
[null,"First Floor ",{"$nulls":4},0,null,null,0]
[1,"Wall Sealer","l",{"$error":"#REF!"},{"$error":"#REF!"},null,{"$error":"#REF!"},null,{"v":75,"d":"75.00"},{"$error":"#REF!"}]
[2,"Weather Shield Paint","l",{"$error":"#REF!"},{"$error":"#REF!"},null,{"$error":"#REF!"},null,{"v":150,"d":"150.00"},{"$error":"#REF!"}]
[{"$nulls":6},0,null,null,0]
[null,"Above roof Beam level",{"$nulls":7},0]
[1,"Wall Sealer","l",{"$error":"#REF!"},{"$error":"#REF!"},{"$nulls":3},{"v":75,"d":"75.00"},{"$error":"#REF!"}]
[2,"Weather Shield Paint","l",{"$error":"#REF!"},{"$error":"#REF!"},{"$nulls":3},{"v":150,"d":"150.00"},{"$error":"#REF!"}]
[{"$nulls":9},0]
[null,"Terrace Floor.",{"$nulls":4},0,null,null,0]
[1,"Wall Sealer","l",{"$error":"#REF!"},{"$error":"#REF!"},null,{"$error":"#REF!"},null,{"v":75,"d":"75.00"},{"$error":"#REF!"}]
[2,"Weather Shield Paint","l",{"$error":"#REF!"},{"$error":"#REF!"},null,{"$error":"#REF!"},null,{"v":150,"d":"150.00"},{"$error":"#REF!"}]
[{"$nulls":6},0,null,null,0]
[2,"Internal Walls",{"$nulls":4},0,null,null,0]
[null,"Ground Floor",{"$nulls":4},0]
[1,"Wall Sealer","l",{"$error":"#REF!"},{"$error":"#REF!"},null,{"$error":"#REF!"},null,{"v":75,"d":"75.00"},{"$error":"#REF!"}]
[2,"Wall Putty","kg",{"$error":"#REF!"},{"$error":"#REF!"},null,{"$error":"#REF!"},null,{"v":60,"d":"60.00"},{"$error":"#REF!"}]
[3,"Emulusion Paint","l",{"$error":"#REF!"},{"$error":"#REF!"},null,{"$error":"#REF!"},null,{"v":100,"d":"100.00"},{"$error":"#REF!"}]
[{"$nulls":6},0,null,null,0]
[null,"First Floor ",{"$nulls":4},0,null,null,0]
[1,"Wall Sealer","l",{"$error":"#REF!"},{"$error":"#REF!"},null,{"$error":"#REF!"},null,{"v":75,"d":"75.00"},{"$error":"#REF!"}]
[2,"Wall Putty","kg",{"$error":"#REF!"},{"$error":"#REF!"},null,{"$error":"#REF!"},null,{"v":60,"d":"60.00"},{"$error":"#REF!"}]
[3,"Emulusion Paint","l",{"$error":"#REF!"},{"$error":"#REF!"},null,{"$error":"#REF!"},null,{"v":100,"d":"100.00"},{"$error":"#REF!"}]
[{"$nulls":6},0]
[null,"Secound Floor "]
[1,"Wall Sealer","l",{"$error":"#REF!"},{"$error":"#REF!"},{"$nulls":3},{"v":75,"d":"75.00"},{"$error":"#REF!"}]
[2,"Wall Putty","kg",{"$error":"#REF!"},{"$error":"#REF!"},{"$nulls":3},{"v":60,"d":"60.00"},{"$error":"#REF!"}]
[3,"Emulusion Paint","l",{"$error":"#REF!"},{"$error":"#REF!"},{"$nulls":3},{"v":100,"d":"100.00"},{"$error":"#REF!"}]
[]
[null,"Third Floor..",{"$nulls":4},0]
[1,"Wall Sealer","l",{"$error":"#REF!"},{"$error":"#REF!"},null,{"$error":"#REF!"},null,{"v":75,"d":"75.00"},{"$error":"#REF!"}]
[2,"Wall Putty","kg",{"$error":"#REF!"},{"$error":"#REF!"},null,{"$error":"#REF!"},null,{"v":60,"d":"60.00"},{"$error":"#REF!"}]
[3,"Emulusion Paint","l",{"$error":"#REF!"},{"$error":"#REF!"},null,{"$error":"#REF!"},null,{"v":100,"d":"100.00"},{"$error":"#REF!"}]
[{"$nulls":6},0]
[3,"Internal Ceilings paints weather proof ",{"$nulls":4},0]
[null,"6mm Cement Fiber Ceiling",{"$nulls":4},0]
[]
[null,"Ground Floor",{"$nulls":4},0]
[1,"Wall Sealer","l",{"$error":"#REF!"},{"$error":"#REF!"},null,{"$error":"#REF!"},null,{"v":75,"d":"75.00"},{"$error":"#REF!"}]
[2,"Weather Shield Paint","l",{"$error":"#REF!"},{"$error":"#REF!"},null,{"$error":"#REF!"},null,{"v":150,"d":"150.00"},{"$error":"#REF!"}]
[3,"Emulusion Paint","l",0]
[]
[null,"First Floor ",{"$nulls":4},0,null,null,0]
[1,"Wall Sealer","l",{"$error":"#REF!"},{"$error":"#REF!"},null,{"$error":"#REF!"},null,{"v":75,"d":"75.00"},{"$error":"#REF!"}]
[2,"Weather Shield Paint","l",{"$error":"#REF!"},{"$error":"#REF!"},null,{"$error":"#REF!"},null,{"v":150,"d":"150.00"},{"$error":"#REF!"}]
[{"$nulls":9},0]
[null,"Secound Floor.",{"$nulls":7},0]
[1,"Wall Sealer","l",{"$error":"#REF!"},{"$error":"#REF!"},{"$nulls":3},{"v":75,"d":"75.00"},{"$error":"#REF!"}]
[2,"Weather Shield Paint","l",{"$error":"#REF!"},{"$error":"#REF!"},{"$nulls":3},{"v":150,"d":"150.00"},{"$error":"#REF!"}]
[{"$nulls":6},0,null,null,0]
[{"$nulls":9},0]
[5,"Internal Ceilings paints Emulusion ",{"$nulls":7},0]
[null,"First floor"]
[1,"Wall Sealer","l",{"$error":"#REF!"},{"$error":"#REF!"},{"$nulls":3},{"v":75,"d":"75.00"},{"$error":"#REF!"}]
[2,"Wall Putty","kg",{"$error":"#REF!"},{"$error":"#REF!"},{"$nulls":3},{"v":60,"d":"60.00"},{"$error":"#REF!"}]
[3,"Emulusion Paint","l",{"$error":"#REF!"},{"$error":"#REF!"},{"$nulls":3},{"v":100,"d":"100.00"},{"$error":"#REF!"}]
[{"$nulls":9},0]
[6,"Internal Soffit paint",{"$nulls":7},0]
[null,"Ground Floor"]
[1,"Wall Sealer","l",{"$error":"#REF!"},{"$error":"#REF!"},{"$nulls":3},{"v":75,"d":"75.00"},{"$error":"#REF!"}]
[2,"Wall Putty","kg",{"$error":"#REF!"},{"$error":"#REF!"},{"$nulls":3},{"v":60,"d":"60.00"},{"$error":"#REF!"}]
[3,"Emulusion Paint","l",{"$error":"#REF!"},{"$error":"#REF!"},{"$nulls":3},{"v":100,"d":"100.00"},{"$error":"#REF!"}]
[{"$nulls":6},0,{"$nulls":3},"Total","Labor n Mis","Percent for labor n misc","Percent for materials"]
[8,"Carpentry  Work",{"$nulls":7},{"$error":"#REF!"},0,{"$error":"#REF!"},{"$error":"#REF!"},{"$error":"#REF!"}]
[1,"6mm Cement Fiber Ceiling for Toilet",{"$nulls":4},0]
[null,"Ground Floor",{"$nulls":4},0]
[1,"6mm Cement Fiber board 4x4","nr",{"$error":"#REF!"},{"$error":"#REF!"},{"v":290,"d":"290.00"},{"$error":"#REF!"},null,{"v":200,"d":"200.00"},{"$error":"#REF!"},{"$nulls":3},600,{"$error":"#REF!"}]
[2,"2x1 Timber","Ft",{"$error":"#REF!"},{"$error":"#REF!"},{"v":12,"d":"12.00"},{"$error":"#REF!"},null,{"v":15,"d":"15.00"},{"$error":"#REF!"},{"$nulls":3},120]
[{"$nulls":6},0,{"$nulls":6},10]
[null,"First Floor","nr",{"$error":"#REF!"},{"$error":"#REF!"},{"v":290,"d":"290.00"},{"$error":"#REF!"},null,{"v":200,"d":"200.00"},{"$error":"#REF!"}]
[1,"6mm Cement Fiber board 4x4","Ft",{"$error":"#REF!"},{"$error":"#REF!"},{"v":12,"d":"12.00"},{"$error":"#REF!"},null,{"v":15,"d":"15.00"},{"$error":"#REF!"}]
[2,"2x1 Timber",{"$nulls":4},0]
[{"$nulls":6},0]
[null,"Secound Floor.",{"$nulls":4},0]
[null,"6mm Cement Fiber board 4x4","nr",{"$error":"#REF!"},{"$error":"#REF!"},{"v":290,"d":"290.00"},{"$error":"#REF!"},null,{"v":200,"d":"200.00"},{"$error":"#REF!"}]
[null,"2x1 Timber","Ft",{"$error":"#REF!"},{"$error":"#REF!"},{"v":12,"d":"12.00"},{"$error":"#REF!"},null,{"v":15,"d":"15.00"},{"$error":"#REF!"}]
[{"$nulls":6},0]
[2,"10mm Gypsem Ceiling for Normal Area.",{"$nulls":4},0]
[null,"Third Floor.",{"$nulls":4},0]
[1,"10mm Gypsam board","nr",{"$error":"#REF!"},{"$error":"#REF!"},{"v":270,"d":"270.00"},{"$error":"#REF!"}]
[2,"2x1 Timber","Ft",{"$error":"#REF!"},{"$error":"#REF!"},{"v":12,"d":"12.00"},{"$error":"#REF!"}]
[{"$nulls":6},0]
[3,"Roof Frame.",{"$nulls":4},0]
[null,"200mm x 50mm timber wall plate ","m",0,null,{"v":190,"d":"190.00"},0]
[1,"150mm x 50mm timber Rafter.","m",{"$error":"#REF!"},{"$error":"#REF!"},{"v":165,"d":"165.00"},{"$error":"#REF!"}]
[2,"50mm x 38mm timber battens ","m",{"$error":"#REF!"},{"$error":"#REF!"},{"v":45,"d":"45.00"},{"$error":"#REF!"}]
[3,"3\" wire nail","Kg",{"v":10,"d":"10.00"},{"v":10,"d":"10.00"}]
[4,"4\" Self tapping Screew wood.","Nr",{"v":50,"d":"50.00"},{"v":2,"d":"2.00"}]
[5,"1\" Wire Nail","kg",{"v":3,"d":"3.00"},{"v":3,"d":"3.00"}]
[]
[{"$nulls":6},0,{"$nulls":3},"Total","Labor n Mis","Percent for labor n misc","Percent for materials"]
[9,"Roof covering and Sundries.",{"$nulls":7},{"$error":"#REF!"},0,{"$error":"#REF!"},{"$error":"#REF!"},{"$error":"#REF!"}]
[]
[1,"0.47mm thick  lysaght colour bond roofing sheets","Sqm",{"v":127,"d":"127.00"},{"v":127,"d":"127.00"}]
[{"$nulls":3},0]
[2,"Rock Wool 50mm x 1.2Mtr*20Mtr","Sqm",{"v":6,"d":"6.00"},{"v":5.55625,"d":"5.56"}]
[{"$nulls":3},0]
[3,"Nylon Net Black 9mm x 90cm x 30Mtr","roll",{"v":5,"d":"5.00"},{"v":4.938888888888888,"d":"4.94"}]
[{"$nulls":3},0]
[4,"0.47mm thick  lysaght colour bond Gable end Flashing","m",{"v":39,"d":"39.00"},{"v":38.5,"d":"38.50"}]
[{"$nulls":3},0]
[5,"0.47mm thick  lysaght colour bond 6'' x 6'' gutter","m",{"v":27,"d":"27.00"},26.25]
[{"$nulls":3},0]
[6,"Self drilling Screw 12x2\" (Box x 300Pcs )","Box",{"v":1,"d":"1.00"},{"v":1,"d":"1.00"}]
[{"$nulls":3},0]
[7,"Aluminium Duct Tape 2\"","Roll",{"v":4,"d":"4.00"},{"v":4,"d":"4.00"}]
[{"$nulls":3},0]
[8,"80mm Dia. UPVC pipe","m",{"v":12,"d":"12.00"},{"v":12,"d":"12.00"}]
[]
[]
[10,"Wall Tile "]
[1,"Toilet wall Tiles.",{"$nulls":4},0]
[null,"Ground Floor (toilets)",{"$nulls":4},0]
[1,"300 x 600mm ceramic Wall Tiles ","Nr.",{"$error":"#REF!"},{"$error":"#REF!"},{"v":90,"d":"90.00"},{"$error":"#REF!"},null,{"v":50,"d":"50.00"},{"$error":"#REF!"}]
[2,"Tile Adhesive - 25 kg","Bag.",{"$error":"#REF!"},{"$error":"#REF!"},{"v":168,"d":"168.00"},{"$error":"#REF!"},null,{"v":150,"d":"150.00"},{"$error":"#REF!"}]
[3,"Tile Grout - 1kg","Bag.",{"v":2,"d":"2.00"},{"v":2,"d":"2.00"},{"v":75,"d":"75.00"},{"v":150,"d":"150.00"},null,{"v":30,"d":"30.00"},{"v":60,"d":"60.00"}]
[{"$nulls":9},0]
[null,"First Floor (toilets)",{"$nulls":4},0,null,null,0]
[1,"300 x 600mm ceramic Wall Tiles ","Nr.",{"$error":"#REF!"},{"$error":"#REF!"},{"v":90,"d":"90.00"},{"$error":"#REF!"},null,{"v":50,"d":"50.00"},{"$error":"#REF!"}]
[2,"Tile Adhesive - 25 kg","Bag.",{"$error":"#REF!"},{"$error":"#REF!"},{"v":168,"d":"168.00"},{"$error":"#REF!"},null,{"v":150,"d":"150.00"},{"$error":"#REF!"}]
[3,"Tile Grout - 1kg","Bag.",{"$error":"#REF!"},{"$error":"#REF!"},{"v":75,"d":"75.00"},{"$error":"#REF!"},null,{"v":30,"d":"30.00"},{"$error":"#REF!"}]
[{"$nulls":6},0,null,null,0]
[null,"Third Floor(toilets)",{"$nulls":4},0,null,null,0]
[1,"300 x 600mm ceramic Wall Tiles ","Nr.",{"$error":"#REF!"},{"$error":"#REF!"},{"v":90,"d":"90.00"},{"$error":"#REF!"},null,{"v":50,"d":"50.00"},{"$error":"#REF!"}]
[2,"Tile Adhesive - 25 kg","Bag.",{"$error":"#REF!"},{"$error":"#REF!"},{"v":168,"d":"168.00"},{"$error":"#REF!"},null,{"v":150,"d":"150.00"},{"$error":"#REF!"}]
[3,"Tile Grout - 1kg","Bag.",{"$error":"#REF!"},{"$error":"#REF!"},{"v":75,"d":"75.00"},{"$error":"#REF!"},null,{"v":30,"d":"30.00"},{"$error":"#REF!"}]
[{"$nulls":6},0,null,null,0]
["7.1.2","Kitchen Tiles.",{"$nulls":4},0,null,null,0]
[null,"Ground Floor (Kitchen)",{"$nulls":4},0,null,null,0]
[1,"600 x 600mm ceramic Wall Tiles ","Nr.",{"$error":"#REF!"},{"$error":"#REF!"},{"v":115,"d":"115.00"},{"$error":"#REF!"},null,{"v":95,"d":"95.00"},{"$error":"#REF!"}]
[2,"25mm Thick Granite  for pantry top","Sqm",{"$error":"#REF!"},{"$error":"#REF!"},{"v":125,"d":"125.00"},{"$error":"#REF!"},null,{"v":2000,"d":"2,000.00"},{"$error":"#REF!"}]
[2,"Tile Adhesive - 25 kg","Bag.",{"$error":"#REF!"},{"$error":"#REF!"},{"v":168,"d":"168.00"},{"$error":"#REF!"},null,{"v":150,"d":"150.00"},{"$error":"#REF!"}]
[3,"Tile Grout - 1kg","Bag.",{"$error":"#REF!"},{"$error":"#REF!"},{"v":75,"d":"75.00"},{"$error":"#REF!"},null,{"v":30,"d":"30.00"},{"$error":"#REF!"}]
[{"$nulls":6},0,null,0,0]
[{"$nulls":6},0,null,0,0]
[11,"Floor Tiles",{"$nulls":6},0,0]
[1,"Toilet Floor ",{"$nulls":4},0,null,0,0]
[null,"Ground Floor",{"$nulls":4},0,null,0,0]
[1," 300x300mm Non Skid Ceramic Floor Tile","Nr.",{"$error":"#REF!"},{"$error":"#REF!"},{"v":45,"d":"45.00"},{"$error":"#REF!"},null,{"v":50,"d":"50.00"},{"$error":"#REF!"}]
[2,"Tile Adhesive - 25 kg","Bag.",{"$error":"#REF!"},{"$error":"#REF!"},{"v":168,"d":"168.00"},{"$error":"#REF!"},null,{"v":150,"d":"150.00"},{"$error":"#REF!"}]
[3,"Tile Grout - 1kg","Bag.",{"$error":"#REF!"},{"$error":"#REF!"},{"v":75,"d":"75.00"},{"$error":"#REF!"},null,{"v":30,"d":"30.00"},{"$error":"#REF!"}]
[{"$nulls":6},0,null,0,0]
[null,"First Floor",{"$nulls":4},0,null,0,0]
[1," 300x300mm Non Skid Ceramic Floor Tile","Nr.",{"$error":"#REF!"},{"$error":"#REF!"},{"v":45,"d":"45.00"},{"$error":"#REF!"},null,{"v":50,"d":"50.00"},{"$error":"#REF!"}]
[2,"Tile Adhesive - 25 kg","Bag.",{"$error":"#REF!"},{"$error":"#REF!"},{"v":168,"d":"168.00"},{"$error":"#REF!"},null,{"v":150,"d":"150.00"},{"$error":"#REF!"}]
[3,"Tile Grout - 1kg","Bag.",{"$error":"#REF!"},{"$error":"#REF!"},{"v":75,"d":"75.00"},{"$error":"#REF!"},null,{"v":30,"d":"30.00"},{"$error":"#REF!"}]
[{"$nulls":6},0,null,0,0]
[null,"Second Floor",{"$nulls":4},0,null,0,0]
[1," 300x300mm Non Skid Ceramic Floor Tile","Nr.",{"$error":"#REF!"},{"$error":"#REF!"},{"v":45,"d":"45.00"},{"$error":"#REF!"},null,{"v":50,"d":"50.00"},{"$error":"#REF!"}]
[2,"Tile Adhesive - 25 kg","Bag.",{"$error":"#REF!"},{"$error":"#REF!"},{"v":168,"d":"168.00"},{"$error":"#REF!"},null,{"v":150,"d":"150.00"},{"$error":"#REF!"}]
[3,"Tile Grout - 1kg","Bag.",{"$error":"#REF!"},{"$error":"#REF!"},{"v":75,"d":"75.00"},{"$error":"#REF!"},null,{"v":30,"d":"30.00"},{"$error":"#REF!"}]
[{"$nulls":6},0,null,0,0]
[2,"Common Area and Rooms",{"$nulls":4},0,null,0,0]
[null,"Ground Floor",{"$nulls":4},0,null,0,0]
[1,"600 x 600mm Homogenous floor tiles","Nr.",{"$error":"#REF!"},{"$error":"#REF!"},{"v":115,"d":"115.00"},{"$error":"#REF!"},null,{"v":90,"d":"90.00"},{"$error":"#REF!"}]
[2,"Tile Adhesive - 25 kg","Bag.",{"$error":"#REF!"},{"$error":"#REF!"},{"v":168,"d":"168.00"},{"$error":"#REF!"},null,{"v":150,"d":"150.00"},{"$error":"#REF!"}]
[3,"Tile Grout - 1kg","Bag.",{"$error":"#REF!"},{"$error":"#REF!"},{"v":75,"d":"75.00"},{"$error":"#REF!"},null,{"v":30,"d":"30.00"},{"$error":"#REF!"}]
[{"$nulls":6},0,null,0,0]
[null,"First Floor",{"$nulls":4},0,null,0,0]
[1,"600 x 600mm Homogenous floor tiles","Nr.",{"$error":"#REF!"},{"$error":"#REF!"},{"v":115,"d":"115.00"},{"$error":"#REF!"},null,{"v":90,"d":"90.00"},{"$error":"#REF!"}]
[2,"Tile Adhesive - 25 kg","Bag.",{"$error":"#REF!"},{"$error":"#REF!"},{"v":168,"d":"168.00"},{"$error":"#REF!"},null,{"v":150,"d":"150.00"},{"$error":"#REF!"}]
[3,"Tile Grout - 1kg","Bag.",{"$error":"#REF!"},{"$error":"#REF!"},{"v":75,"d":"75.00"},{"$error":"#REF!"},null,{"v":30,"d":"30.00"},{"$error":"#REF!"}]
[{"$nulls":6},0,null,0,0]
[null,"Second Floor",{"$nulls":4},0,null,0,0]
[1,"600 x 600mm Homogenous floor tiles","Nr.",0,null,{"v":115,"d":"115.00"},0,null,{"v":90,"d":"90.00"},0]
[2,"Tile Adhesive - 25 kg","Bag.",0,null,{"v":168,"d":"168.00"},0,null,{"v":150,"d":"150.00"},0]
[3,"Tile Grout - 1kg","Bag.",0,null,{"v":75,"d":"75.00"},0,null,{"v":30,"d":"30.00"},0]
[{"$nulls":6},0,null,0,0]
[3,"Balconey",{"$nulls":4},0,null,0,0]
[null,"Second Floor",{"$nulls":4},0,null,0,0]
[1,"300 x 300mm Homogenous non skid floor tiles","Nr.",{"$error":"#REF!"},{"$error":"#REF!"},{"v":45,"d":"45.00"},{"$error":"#REF!"},null,{"v":90,"d":"90.00"},{"$error":"#REF!"}]
[2,"Tile Adhesive - 25 kg","Bag.",{"$error":"#REF!"},{"$error":"#REF!"},{"v":168,"d":"168.00"},{"$error":"#REF!"},null,{"v":150,"d":"150.00"},{"$error":"#REF!"}]
[3,"Tile Grout -1kg","Bag.",{"$error":"#REF!"},{"$error":"#REF!"},{"v":75,"d":"75.00"},{"$error":"#REF!"},null,{"v":30,"d":"30.00"},{"$error":"#REF!"}]
[{"$nulls":6},0,null,0,0]
[5,"Staircase",{"$nulls":4},0,null,0,0]
[1,"0.3 x 1.2 mm Ceramic Floor tiles","Nr.",{"$error":"#REF!"},{"$error":"#REF!"},{"v":45,"d":"45.00"},{"$error":"#REF!"},null,{"v":120,"d":"120.00"},{"$error":"#REF!"}]
[2,"Tile Adhesive - 25 kg","Bag.",{"$error":"#REF!"},{"$error":"#REF!"},{"v":168,"d":"168.00"},{"$error":"#REF!"},null,{"v":150,"d":"150.00"},{"$error":"#REF!"}]
[3,"Tile Grout - 1kg","Bag.",{"$error":"#REF!"},{"$error":"#REF!"},{"v":75,"d":"75.00"},{"$error":"#REF!"},null,{"v":30,"d":"30.00"},{"$error":"#REF!"}]
[{"$nulls":6},0,null,0,0,"Total","Labor n Mis","Percent for labor n misc","Percent for materials"]
["8.1.1",{"$error":"#REF!"},{"$nulls":6},{"v":156,"d":"156.00"},0]
[null,"Ground Floor",{"$nulls":4},0,null,{"v":157,"d":"157.00"},0]
[1,"Water Meter","Nr",{"v":3,"d":"3.00"},{"v":3,"d":"3.00"},{"v":1800,"d":"1,800.00"},{"v":5400,"d":"5,400.00"},null,{"v":158,"d":"158.00"},{"v":474,"d":"474.00"}]
[2,"1\" PVC pipe 13.5","m",{"v":33,"d":"33.00"},32.76,{"v":35,"d":"35.00"},{"v":1155,"d":"1,155.00"},null,{"v":159,"d":"159.00"},{"v":5247,"d":"5,247.00"}]
[3,"1/2\" PVC pipe 13.5","m",{"v":13,"d":"13.00"},{"v":12.5,"d":"12.50"},{"v":18,"d":"18.00"},{"v":234,"d":"234.00"},null,{"v":160,"d":"160.00"},{"v":2080,"d":"2,080.00"}]
[4,"1/2\" Faucet Elbow ","Nr",{"v":7,"d":"7.00"},{"v":7,"d":"7.00"},{"v":45,"d":"45.00"},{"v":315,"d":"315.00"},null,{"v":161,"d":"161.00"},{"v":1127,"d":"1,127.00"}]
[5,"1/2\" elbow","Nr",{"v":9,"d":"9.00"},{"v":9,"d":"9.00"},{"v":5,"d":"5.00"},{"v":45,"d":"45.00"},null,{"v":162,"d":"162.00"},{"v":1458,"d":"1,458.00"}]
[6,"1\"x1/2\" Reducer","Nr",{"v":8,"d":"8.00"},{"v":8,"d":"8.00"},{"v":8,"d":"8.00"},{"v":64,"d":"64.00"},null,{"v":163,"d":"163.00"},{"v":1304,"d":"1,304.00"}]
[7,"1\" / 90° Elbow","Nr",{"v":3,"d":"3.00"},{"v":3,"d":"3.00"},{"v":11,"d":"11.00"},{"v":33,"d":"33.00"},null,{"v":164,"d":"164.00"},{"v":492,"d":"492.00"}]
[8,"1\" / 45° Elbow","Nr",{"v":10,"d":"10.00"},{"v":10,"d":"10.00"},{"v":15,"d":"15.00"},{"v":150,"d":"150.00"},null,{"v":165,"d":"165.00"},{"v":1650,"d":"1,650.00"}]
[9,"1/2\" socket ","Nr",{"v":5,"d":"5.00"},{"v":5,"d":"5.00"},{"v":5,"d":"5.00"},{"v":25,"d":"25.00"},null,{"v":166,"d":"166.00"},{"v":830,"d":"830.00"}]
[10,"1\" socket ","Nr",{"v":5,"d":"5.00"},{"v":5,"d":"5.00"},{"v":10,"d":"10.00"},{"v":50,"d":"50.00"},null,{"v":167,"d":"167.00"},{"v":835,"d":"835.00"}]
[11,"1/2\" valve cap","Nr",{"v":7,"d":"7.00"},{"v":7,"d":"7.00"},{"v":5,"d":"5.00"},{"v":35,"d":"35.00"},null,{"v":168,"d":"168.00"},{"v":1176,"d":"1,176.00"}]
[12,"1\" Valve socket","Nr",{"v":6,"d":"6.00"},{"v":6,"d":"6.00"},{"v":8,"d":"8.00"},{"v":48,"d":"48.00"},null,{"v":169,"d":"169.00"},{"v":1014,"d":"1,014.00"}]
[13,"1\" Valve ","Nr",{"v":3,"d":"3.00"},{"v":3,"d":"3.00"},{"v":135,"d":"135.00"},{"v":405,"d":"405.00"},null,{"v":170,"d":"170.00"},{"v":510,"d":"510.00"}]
[14,"Thread Seal 1/2\"","Nr",{"v":3,"d":"3.00"},{"v":3,"d":"3.00"},{"v":6,"d":"6.00"},{"v":18,"d":"18.00"},null,{"v":171,"d":"171.00"},{"v":513,"d":"513.00"}]
[15,"Thread Seal 1\"","Nr",{"v":1,"d":"1.00"},{"v":1,"d":"1.00"},{"v":15,"d":"15.00"},{"v":15,"d":"15.00"},null,{"v":172,"d":"172.00"},{"v":172,"d":"172.00"}]
[{"$nulls":6},0,null,{"v":173,"d":"173.00"},0]
[null,"First Floor & Secound Floor.",{"$nulls":4},0,null,{"v":174,"d":"174.00"},0]
[1,"1\" PVC pipe 13.5","m",{"v":6,"d":"6.00"},{"v":6,"d":"6.00"},{"v":35,"d":"35.00"},{"v":210,"d":"210.00"},null,{"v":175,"d":"175.00"},{"v":1050,"d":"1,050.00"}]
[2,"1/2\" PVC pipe 13.5","m",{"v":34,"d":"34.00"},{"v":33.4,"d":"33.40"},{"v":18,"d":"18.00"},{"v":612,"d":"612.00"},null,{"v":176,"d":"176.00"},{"v":5984,"d":"5,984.00"}]
[3,"1/2\" Faucet Elbow ","Nr",{"v":12,"d":"12.00"},{"v":12,"d":"12.00"},{"v":45,"d":"45.00"},{"v":540,"d":"540.00"},null,{"v":177,"d":"177.00"},{"v":2124,"d":"2,124.00"}]
[4,"1/2\" elbow","Nr",{"v":24,"d":"24.00"},{"v":24,"d":"24.00"},{"v":5,"d":"5.00"},{"v":120,"d":"120.00"},null,{"v":178,"d":"178.00"},{"v":4272,"d":"4,272.00"}]
[5,"1\"x1/2\" Reducer","Nr",{"v":4,"d":"4.00"},{"v":4,"d":"4.00"},{"v":8,"d":"8.00"},{"v":32,"d":"32.00"},null,{"v":179,"d":"179.00"},{"v":716,"d":"716.00"}]
[6,"1/2\" socket ","Nr",{"v":10,"d":"10.00"},{"v":10,"d":"10.00"},{"v":5,"d":"5.00"},{"v":50,"d":"50.00"},null,{"v":180,"d":"180.00"},{"v":1800,"d":"1,800.00"}]
[7,"1/2\" valve cap","Nr",{"v":12,"d":"12.00"},{"v":12,"d":"12.00"},{"v":5,"d":"5.00"},{"v":60,"d":"60.00"},null,{"v":181,"d":"181.00"},{"v":2172,"d":"2,172.00"}]
[8,"1/2\" Tee","Nr",{"v":16,"d":"16.00"},{"v":16,"d":"16.00"},{"v":8,"d":"8.00"},{"v":128,"d":"128.00"},null,{"v":182,"d":"182.00"},{"v":2912,"d":"2,912.00"}]
[9,"Thread Seal 1/2\"","Nr",{"v":2,"d":"2.00"},{"v":2,"d":"2.00"},{"v":6,"d":"6.00"},{"v":12,"d":"12.00"},null,{"v":183,"d":"183.00"},{"v":366,"d":"366.00"}]
[{"$nulls":6},0,null,{"v":184,"d":"184.00"},0]
[null,"Third Floor.",{"$nulls":4},0,null,{"v":185,"d":"185.00"},0]
[2,"1/2\" PVC pipe 13.5","m",{"v":9,"d":"9.00"},{"v":9,"d":"9.00"},{"v":18,"d":"18.00"},{"v":162,"d":"162.00"},null,{"v":186,"d":"186.00"},{"v":1674,"d":"1,674.00"}]
[3,"1/2\" Faucet Elbow ","Nr",{"v":5,"d":"5.00"},{"v":5,"d":"5.00"},{"v":45,"d":"45.00"},{"v":225,"d":"225.00"},null,{"v":187,"d":"187.00"},{"v":935,"d":"935.00"}]
[4,"1/2\" elbow","Nr",{"v":7,"d":"7.00"},{"v":7,"d":"7.00"},{"v":5,"d":"5.00"},{"v":35,"d":"35.00"},null,{"v":188,"d":"188.00"},{"v":1316,"d":"1,316.00"}]
[5,"1\"x1/2\" Reducer","Nr",{"v":1,"d":"1.00"},{"v":1,"d":"1.00"},{"v":8,"d":"8.00"},{"v":8,"d":"8.00"},null,{"v":189,"d":"189.00"},{"v":189,"d":"189.00"}]
[6,"1/2\" socket ","Nr",{"v":2,"d":"2.00"},{"v":2,"d":"2.00"},{"v":5,"d":"5.00"},{"v":10,"d":"10.00"},null,{"v":190,"d":"190.00"},{"v":380,"d":"380.00"}]
[7,"1/2\" valve cap","Nr",{"v":5,"d":"5.00"},{"v":5,"d":"5.00"},{"v":5,"d":"5.00"},{"v":25,"d":"25.00"},null,{"v":191,"d":"191.00"},{"v":955,"d":"955.00"}]
[8,"1/2\" Tee","Nr",{"v":4,"d":"4.00"},{"v":4,"d":"4.00"},{"v":8,"d":"8.00"},{"v":32,"d":"32.00"},null,{"v":192,"d":"192.00"},{"v":768,"d":"768.00"}]
[9,"Thread Seal 1/2\"","Nr",{"v":1,"d":"1.00"},{"v":1,"d":"1.00"},{"v":6,"d":"6.00"},{"v":6,"d":"6.00"},null,{"v":193,"d":"193.00"},{"v":193,"d":"193.00"}]
[10,"1\" Elbow ","Nr",{"v":1,"d":"1.00"},{"v":1,"d":"1.00"},{"v":11,"d":"11.00"},{"v":11,"d":"11.00"},null,{"v":194,"d":"194.00"},{"v":194,"d":"194.00"}]
[{"$nulls":6},0,null,{"v":195,"d":"195.00"},0]
["8.1.2","Ground Water System.",{"$nulls":6},{"v":196,"d":"196.00"},0]
[null,"Ground Floor",{"$nulls":4},0,null,{"v":197,"d":"197.00"},0]
[1,"Well Water Pump",{"$nulls":4},0,null,{"v":198,"d":"198.00"},0]
[2,"1\" PVC pipe 13.5","m",{"v":22,"d":"22.00"},{"v":21.4,"d":"21.40"},{"v":35,"d":"35.00"},{"v":770,"d":"770.00"},null,{"v":199,"d":"199.00"},{"v":4378,"d":"4,378.00"}]
[3,"1/2\" PVC pipe 13.5","m",{"v":8,"d":"8.00"},{"v":7.3,"d":"7.30"},{"v":18,"d":"18.00"},{"v":144,"d":"144.00"},null,{"v":200,"d":"200.00"},{"v":1600,"d":"1,600.00"}]
[4,"1/2\" Faucet Elbow ","Nr",{"v":3,"d":"3.00"},{"v":3,"d":"3.00"},{"v":45,"d":"45.00"},{"v":135,"d":"135.00"},null,{"v":201,"d":"201.00"},{"v":603,"d":"603.00"}]
[5,"1/2\" elbow","Nr",{"v":3,"d":"3.00"},{"v":3,"d":"3.00"},{"v":5,"d":"5.00"},{"v":15,"d":"15.00"},null,{"v":202,"d":"202.00"},{"v":606,"d":"606.00"}]
[6,"1/2\" Tee","Nr",{"v":1,"d":"1.00"},{"v":1,"d":"1.00"},{"v":8,"d":"8.00"},{"v":8,"d":"8.00"},null,{"v":203,"d":"203.00"},{"v":203,"d":"203.00"}]
[7,"1\"x1/2\" Reducer","Nr",{"v":1,"d":"1.00"},{"v":1,"d":"1.00"},{"v":8,"d":"8.00"},{"v":8,"d":"8.00"},null,{"v":204,"d":"204.00"},{"v":204,"d":"204.00"}]
[8,"1\" / 90° Elbow","Nr",{"v":8,"d":"8.00"},{"v":8,"d":"8.00"},{"v":11,"d":"11.00"},{"v":88,"d":"88.00"},null,{"v":205,"d":"205.00"},{"v":1640,"d":"1,640.00"}]
[9,"1\" / 45° Elbow","Nr",{"v":6,"d":"6.00"},{"v":6,"d":"6.00"},{"v":15,"d":"15.00"},{"v":90,"d":"90.00"},null,{"v":206,"d":"206.00"},{"v":1236,"d":"1,236.00"}]
[10,"1/2\" socket ","Nr",{"v":2,"d":"2.00"},{"v":2,"d":"2.00"},{"v":5,"d":"5.00"},{"v":10,"d":"10.00"},null,{"v":207,"d":"207.00"},{"v":414,"d":"414.00"}]
[11,"1\" socket ","Nr",{"v":6,"d":"6.00"},{"v":6,"d":"6.00"},{"v":10,"d":"10.00"},{"v":60,"d":"60.00"},null,{"v":208,"d":"208.00"},{"v":1248,"d":"1,248.00"}]
[12,"1/2\" valve cap","Nr",{"v":3,"d":"3.00"},{"v":3,"d":"3.00"},{"v":5,"d":"5.00"},{"v":15,"d":"15.00"},null,{"v":209,"d":"209.00"},{"v":627,"d":"627.00"}]
[13,"1\" Valve socket","Nr",{"v":6,"d":"6.00"},{"v":6,"d":"6.00"},{"v":8,"d":"8.00"},{"v":48,"d":"48.00"},null,{"v":210,"d":"210.00"},{"v":1260,"d":"1,260.00"}]
[14,"1\" Valve ","Nr",{"v":3,"d":"3.00"},{"v":3,"d":"3.00"},{"v":135,"d":"135.00"},{"v":405,"d":"405.00"},null,{"v":211,"d":"211.00"},{"v":633,"d":"633.00"}]
[15,"Thread Seal 1/2\"","Nr",{"v":1,"d":"1.00"},{"v":1,"d":"1.00"},{"v":6,"d":"6.00"},{"v":6,"d":"6.00"},null,{"v":212,"d":"212.00"},{"v":212,"d":"212.00"}]
[16,"Thread Seal 1\"","Nr",{"v":1,"d":"1.00"},{"v":1,"d":"1.00"},{"v":15,"d":"15.00"},{"v":15,"d":"15.00"},null,{"v":213,"d":"213.00"},{"v":213,"d":"213.00"}]
[{"$nulls":6},0,null,{"v":214,"d":"214.00"},0]
[null,"First Floor & Secound Floor",{"$nulls":4},0,null,{"v":215,"d":"215.00"},0]
[1,"1\" PVC pipe 13.5","m",{"v":6,"d":"6.00"},{"v":6,"d":"6.00"},{"v":35,"d":"35.00"},{"v":210,"d":"210.00"},null,{"v":216,"d":"216.00"},{"v":1296,"d":"1,296.00"}]
[2,"1/2\" PVC pipe 13.5","m",{"v":5,"d":"5.00"},{"v":4.8,"d":"4.80"},{"v":18,"d":"18.00"},{"v":90,"d":"90.00"},null,{"v":217,"d":"217.00"},{"v":1085,"d":"1,085.00"}]
[3,"1/2\" Tee","Nr",{"v":2,"d":"2.00"},{"v":2,"d":"2.00"},{"v":8,"d":"8.00"},{"v":16,"d":"16.00"},null,{"v":218,"d":"218.00"},{"v":436,"d":"436.00"}]
[4,"1/2\" Faucet Elbow ","Nr",{"v":4,"d":"4.00"},{"v":4,"d":"4.00"},{"v":45,"d":"45.00"},{"v":180,"d":"180.00"},null,{"v":219,"d":"219.00"},{"v":876,"d":"876.00"}]
[5,"1/2\" elbow","Nr",{"v":6,"d":"6.00"},{"v":6,"d":"6.00"},{"v":5,"d":"5.00"},{"v":30,"d":"30.00"},null,{"v":220,"d":"220.00"},{"v":1320,"d":"1,320.00"}]
[6,"1\"x1/2\" Reducer","Nr",{"v":2,"d":"2.00"},{"v":2,"d":"2.00"},{"v":8,"d":"8.00"},{"v":16,"d":"16.00"},null,{"v":221,"d":"221.00"},{"v":442,"d":"442.00"}]
[7,"1\" / 90° Elbow","Nr",{"v":2,"d":"2.00"},{"v":2,"d":"2.00"},{"v":11,"d":"11.00"},{"v":22,"d":"22.00"},null,{"v":222,"d":"222.00"},{"v":444,"d":"444.00"}]
[8,"1/2\" valve cap","Nr",{"v":4,"d":"4.00"},{"v":4,"d":"4.00"},{"v":5,"d":"5.00"},{"v":20,"d":"20.00"},null,{"v":223,"d":"223.00"},{"v":892,"d":"892.00"}]
[{"$nulls":6},0,null,{"v":224,"d":"224.00"},0]
[null,"Third Floor",{"$nulls":4},0,null,{"v":225,"d":"225.00"},0]
[1,"1/2\" PVC pipe 13.5","m",{"v":3,"d":"3.00"},{"v":2.9,"d":"2.90"},{"v":18,"d":"18.00"},{"v":54,"d":"54.00"},null,{"v":226,"d":"226.00"},{"v":678,"d":"678.00"}]
[2,"1/2\" Faucet Elbow ","Nr",{"v":2,"d":"2.00"},{"v":2,"d":"2.00"},{"v":45,"d":"45.00"},{"v":90,"d":"90.00"},null,{"v":227,"d":"227.00"},{"v":454,"d":"454.00"}]
[3,"1/2\" elbow","Nr",{"v":3,"d":"3.00"},{"v":3,"d":"3.00"},{"v":5,"d":"5.00"},{"v":15,"d":"15.00"},null,{"v":228,"d":"228.00"},{"v":684,"d":"684.00"}]
[4,"1\"x1/2\" Reducer","Nr",{"v":1,"d":"1.00"},{"v":1,"d":"1.00"},{"v":8,"d":"8.00"},{"v":8,"d":"8.00"},null,{"v":229,"d":"229.00"},{"v":229,"d":"229.00"}]
[5,"1\" / 90° Elbow","Nr",{"v":1,"d":"1.00"},{"v":1,"d":"1.00"},{"v":11,"d":"11.00"},{"v":11,"d":"11.00"},null,{"v":230,"d":"230.00"},{"v":230,"d":"230.00"}]
[6,"1/2\" valve cap","Nr",{"v":2,"d":"2.00"},{"v":2,"d":"2.00"},{"v":5,"d":"5.00"},{"v":10,"d":"10.00"},null,{"v":231,"d":"231.00"},{"v":462,"d":"462.00"}]
[7,"1/2\" Tee","Nr",{"v":2,"d":"2.00"},{"v":2,"d":"2.00"},{"v":8,"d":"8.00"},{"v":16,"d":"16.00"},null,{"v":232,"d":"232.00"},{"v":464,"d":"464.00"}]
[{"$nulls":6},0,null,{"v":233,"d":"233.00"},0]
["8.1.3","Sanitory Fixtures.",{"$nulls":6},{"v":234,"d":"234.00"},0]
["a","Groud Floor ",{"$nulls":4},0,null,{"v":235,"d":"235.00"},0]
[1,"White colour two piece Water Closet S-Trap (Onic new wave) or equivalent.","Nr",{"v":2,"d":"2.00"},null,{"v":4700,"d":"4,700.00"},{"v":9400,"d":"9,400.00"},null,{"v":236,"d":"236.00"},{"v":472,"d":"472.00"}]
[2,"White colour wall hung Wash Basin with pedestal (HUIDA #48623) or equivalent, incl. tap","Nr",{"v":2,"d":"2.00"},null,{"v":1200,"d":"1,200.00"},{"v":2400,"d":"2,400.00"},null,{"v":237,"d":"237.00"},{"v":474,"d":"474.00"}]
[3,"Hot & Cold Water Head Shower ","Nr",{"v":2,"d":"2.00"},null,{"v":1300,"d":"1,300.00"},{"v":2600,"d":"2,600.00"},null,{"v":238,"d":"238.00"},{"v":476,"d":"476.00"}]
[4,"Bidet Shower ","Nr",{"v":2,"d":"2.00"},null,{"v":421,"d":"421.00"},{"v":842,"d":"842.00"},null,{"v":239,"d":"239.00"},{"v":478,"d":"478.00"}]
[5,"Mirror set ","Nr",{"v":2,"d":"2.00"},null,{"v":750,"d":"750.00"},{"v":1500,"d":"1,500.00"},null,{"v":240,"d":"240.00"},{"v":480,"d":"480.00"}]
[6,"Soap tray ","Nr",{"v":2,"d":"2.00"},null,{"v":125,"d":"125.00"},{"v":250,"d":"250.00"},null,{"v":241,"d":"241.00"},{"v":482,"d":"482.00"}]
[7,"4\" Floor drain","Nr",{"v":2,"d":"2.00"},null,{"v":145,"d":"145.00"},{"v":290,"d":"290.00"},null,{"v":242,"d":"242.00"},{"v":484,"d":"484.00"}]
[8,"Tissue holder","Nr",{"v":2,"d":"2.00"},null,{"v":290,"d":"290.00"},{"v":580,"d":"580.00"},null,{"v":243,"d":"243.00"},{"v":486,"d":"486.00"}]
[9,"Water Geyser","Nr",{"v":2,"d":"2.00"},null,{"v":1300,"d":"1,300.00"},{"v":2600,"d":"2,600.00"},null,{"v":244,"d":"244.00"},{"v":488,"d":"488.00"}]
[10,"Towel Hook","Nr",{"v":2,"d":"2.00"},null,{"v":150,"d":"150.00"},{"v":300,"d":"300.00"},null,{"v":245,"d":"245.00"},{"v":490,"d":"490.00"}]
[11,"Kitchen sink","Nr",{"v":1,"d":"1.00"},null,{"v":1500,"d":"1,500.00"},{"v":1500,"d":"1,500.00"},null,{"v":246,"d":"246.00"},{"v":246,"d":"246.00"}]
[12,"1/2\" Angle Valve","Nr",{"v":12,"d":"12.00"},null,{"v":180,"d":"180.00"},{"v":2160,"d":"2,160.00"},null,{"v":247,"d":"247.00"},{"v":2964,"d":"2,964.00"}]
[{"$nulls":6},0,null,{"v":248,"d":"248.00"},0]
[{"$nulls":6},0,null,{"v":249,"d":"249.00"},0]
["a","First Floor & Second Floor",{"$nulls":4},0,null,{"v":250,"d":"250.00"},0]
[1,"White colour two piece Water Closet S-Trap (Onic new wave) or equivalent.","Nr",{"v":4,"d":"4.00"},null,{"v":4700,"d":"4,700.00"},{"v":18800,"d":"18,800.00"},null,{"v":251,"d":"251.00"},{"v":1004,"d":"1,004.00"}]
[2,"White colour wall hung Wash Basin with pedestal (HUIDA #48623) or equivalent, incl. tap","Nr",{"v":4,"d":"4.00"},null,{"v":1200,"d":"1,200.00"},{"v":4800,"d":"4,800.00"},null,{"v":252,"d":"252.00"},{"v":1008,"d":"1,008.00"}]
[3,"Hot & Cold Water Head Shower ","Nr",{"v":4,"d":"4.00"},null,{"v":1300,"d":"1,300.00"},{"v":5200,"d":"5,200.00"},null,{"v":253,"d":"253.00"},{"v":1012,"d":"1,012.00"}]
[4,"Bidet Shower ","Nr",{"v":4,"d":"4.00"},null,{"v":421,"d":"421.00"},{"v":1684,"d":"1,684.00"},null,{"v":254,"d":"254.00"},{"v":1016,"d":"1,016.00"}]
[5,"Mirror set ","Nr",{"v":4,"d":"4.00"},null,{"v":750,"d":"750.00"},{"v":3000,"d":"3,000.00"},null,{"v":255,"d":"255.00"},{"v":1020,"d":"1,020.00"}]
[6,"Soap tray ","Nr",{"v":4,"d":"4.00"},null,{"v":125,"d":"125.00"},{"v":500,"d":"500.00"},null,{"v":256,"d":"256.00"},{"v":1024,"d":"1,024.00"}]
[7,"4\" Floor drain","Nr",{"v":4,"d":"4.00"},null,{"v":145,"d":"145.00"},{"v":580,"d":"580.00"},null,{"v":257,"d":"257.00"},{"v":1028,"d":"1,028.00"}]
[8,"Tissue holder","Nr",{"v":4,"d":"4.00"},null,{"v":290,"d":"290.00"},{"v":1160,"d":"1,160.00"},null,{"v":258,"d":"258.00"},{"v":1032,"d":"1,032.00"}]
[9,"Water Geyser","Nr",{"v":4,"d":"4.00"},null,{"v":1300,"d":"1,300.00"},{"v":5200,"d":"5,200.00"},null,{"v":259,"d":"259.00"},{"v":1036,"d":"1,036.00"}]
[10,"Towel Hook","Nr",{"v":2,"d":"2.00"},null,{"v":150,"d":"150.00"},{"v":300,"d":"300.00"},null,{"v":260,"d":"260.00"},{"v":520,"d":"520.00"}]
[12,"1/2\" Angle Valve","Nr",{"v":10,"d":"10.00"},null,{"v":180,"d":"180.00"},{"v":1800,"d":"1,800.00"},null,{"v":261,"d":"261.00"},{"v":2610,"d":"2,610.00"}]
[{"$nulls":6},0,null,{"v":262,"d":"262.00"},0]
["a","Third  Floor",{"$nulls":4},0,null,{"v":263,"d":"263.00"},0]
[1,"White colour two piece Water Closet S-Trap (Item code C1480 Tina w) or equivalent.","Nr",{"v":1,"d":"1.00"},null,{"v":4700,"d":"4,700.00"},{"v":4700,"d":"4,700.00"},null,{"v":264,"d":"264.00"},{"v":264,"d":"264.00"}]
[2,"White colour wall hung Wash Basin with pedestal (item code C013/C404) or equivalent, incl. tap","Nr",{"v":1,"d":"1.00"},null,{"v":1200,"d":"1,200.00"},{"v":1200,"d":"1,200.00"},null,{"v":265,"d":"265.00"},{"v":265,"d":"265.00"}]
[3,"Hot & Cold Water Head Shower ","Nr",{"v":1,"d":"1.00"},null,{"v":1300,"d":"1,300.00"},{"v":1300,"d":"1,300.00"},null,{"v":266,"d":"266.00"},{"v":266,"d":"266.00"}]
[4,"Bidet Shower ","Nr",{"v":1,"d":"1.00"},null,{"v":421,"d":"421.00"},{"v":421,"d":"421.00"},null,{"v":267,"d":"267.00"},{"v":267,"d":"267.00"}]
[5,"Mirror set ","Nr",{"v":1,"d":"1.00"},null,{"v":750,"d":"750.00"},{"v":750,"d":"750.00"},null,{"v":268,"d":"268.00"},{"v":268,"d":"268.00"}]
[6,"Soap tray ","Nr",{"v":1,"d":"1.00"},null,{"v":125,"d":"125.00"},{"v":125,"d":"125.00"},null,{"v":269,"d":"269.00"},{"v":269,"d":"269.00"}]
[7,"4\" Floor drain","Nr",{"v":1,"d":"1.00"},null,{"v":145,"d":"145.00"},{"v":145,"d":"145.00"},null,{"v":270,"d":"270.00"},{"v":270,"d":"270.00"}]
[8,"Tissue holder","Nr",{"v":1,"d":"1.00"},null,{"v":290,"d":"290.00"},{"v":290,"d":"290.00"},null,{"v":271,"d":"271.00"},{"v":271,"d":"271.00"}]
[9,"Water Geyser","Nr",{"v":1,"d":"1.00"},null,{"v":1300,"d":"1,300.00"},{"v":1300,"d":"1,300.00"},null,{"v":272,"d":"272.00"},{"v":272,"d":"272.00"}]
[10,"Towel Hook","Nr",{"v":1,"d":"1.00"},null,{"v":150,"d":"150.00"},{"v":150,"d":"150.00"},null,{"v":273,"d":"273.00"},{"v":273,"d":"273.00"}]
[11,"Kitcken Sink","Nr",{"v":1,"d":"1.00"},null,{"v":1500,"d":"1,500.00"},{"v":1500,"d":"1,500.00"},null,{"v":274,"d":"274.00"},{"v":274,"d":"274.00"}]
[12,"1/2\" Angle Valve","Nr",{"v":7,"d":"7.00"},null,{"v":180,"d":"180.00"},{"v":1260,"d":"1,260.00"},null,{"v":275,"d":"275.00"},{"v":1925,"d":"1,925.00"}]
[{"$nulls":6},0,null,{"v":276,"d":"276.00"},0]
["8.1.3","Discharge pipe work",{"$nulls":6},{"v":277,"d":"277.00"},0]
[null,"Ground Floor",{"$nulls":4},0,null,{"v":278,"d":"278.00"},0]
[1,"1 1/2\" Meadium Pressure pipe.","Nr",{"v":12,"d":"12.00"},{"v":11.6,"d":"11.60"},{"v":290,"d":"290.00"},{"v":3480,"d":"3,480.00"},null,{"v":279,"d":"279.00"},{"v":3348,"d":"3,348.00"}]
[2,"4\" low Pressure Pipe","Nr",{"v":12,"d":"12.00"},{"v":11.6,"d":"11.60"},{"v":206.89655172413794,"d":"206.90"},{"v":2482.7586206896553,"d":"2,482.76"},null,{"v":280,"d":"280.00"},{"v":3360,"d":"3,360.00"}]
[3,"1 1/2\" P Trap.","Nr",{"v":6,"d":"6.00"},{"v":6,"d":"6.00"},{"v":190,"d":"190.00"},{"v":1140,"d":"1,140.00"},null,{"v":281,"d":"281.00"},{"v":1686,"d":"1,686.00"}]
[4,"1 1/2\" Long Sweep Tee.","Nr",{"v":2,"d":"2.00"},{"v":2,"d":"2.00"},{"v":40,"d":"40.00"},{"v":80,"d":"80.00"},null,{"v":282,"d":"282.00"},{"v":564,"d":"564.00"}]
[5,"1 1/2\" 45° Bend","Nr",{"v":2,"d":"2.00"},{"v":2,"d":"2.00"},{"v":25,"d":"25.00"},{"v":50,"d":"50.00"},null,{"v":283,"d":"283.00"},{"v":566,"d":"566.00"}]
[6,"1 1/2\" 90° Bend","Nr",{"v":11,"d":"11.00"},{"v":11,"d":"11.00"},{"v":18,"d":"18.00"},{"v":198,"d":"198.00"},null,{"v":284,"d":"284.00"},{"v":3124,"d":"3,124.00"}]
[7,"4\"/ 90° Bent","Nr",{"v":2,"d":"2.00"},{"v":2,"d":"2.00"},{"v":90,"d":"90.00"},{"v":180,"d":"180.00"},null,{"v":285,"d":"285.00"},{"v":570,"d":"570.00"}]
[8,"4\" long Sweep Tee","Nr",{"v":1,"d":"1.00"},{"v":1,"d":"1.00"},null,0,null,{"v":286,"d":"286.00"},{"v":286,"d":"286.00"}]
[9,"4\"/45° Bent","Nr",{"v":1,"d":"1.00"},{"v":1,"d":"1.00"},null,0,null,{"v":287,"d":"287.00"},{"v":287,"d":"287.00"}]
[10,"Inspection Chamber","Nr",{"v":2,"d":"2.00"},{"v":2,"d":"2.00"},null,0,null,{"v":288,"d":"288.00"},{"v":576,"d":"576.00"}]
[{"$nulls":6},0,null,{"v":289,"d":"289.00"},0]
[null,"First floor & Secound Floor",{"$nulls":4},0,null,{"v":290,"d":"290.00"},0]
[1,"1 1/2\" Meadium Pressure pipe.","Nr",{"v":10,"d":"10.00"},{"v":10,"d":"10.00"},null,0,null,{"v":291,"d":"291.00"},{"v":2910,"d":"2,910.00"}]
[2,"4\" low Pressure Pipe","Nr",{"v":14,"d":"14.00"},{"v":14,"d":"14.00"},null,0,null,{"v":292,"d":"292.00"},{"v":4088,"d":"4,088.00"}]
[3,"1 1/2\" P Trap.","Nr",{"v":8,"d":"8.00"},{"v":8,"d":"8.00"},null,0,null,{"v":293,"d":"293.00"},{"v":2344,"d":"2,344.00"}]
[4,"1 1/2\" Long Sweep Tee.","Nr",{"v":4,"d":"4.00"},{"v":4,"d":"4.00"},null,0,null,{"v":294,"d":"294.00"},{"v":1176,"d":"1,176.00"}]
[5,"1 1/2\" 45° Bend","Nr",{"v":2,"d":"2.00"},{"v":2,"d":"2.00"},null,0,null,{"v":295,"d":"295.00"},{"v":590,"d":"590.00"}]
[6,"4\"/ 90° Bend","Nr",{"v":4,"d":"4.00"},{"v":4,"d":"4.00"},null,0,null,{"v":296,"d":"296.00"},{"v":1184,"d":"1,184.00"}]
[7,"4\"/ 45° Bend","Nr",{"v":2,"d":"2.00"},{"v":2,"d":"2.00"},null,0,null,{"v":297,"d":"297.00"},{"v":594,"d":"594.00"}]
[8,"Inspection Chamber","Nr",{"v":2,"d":"2.00"},{"v":2,"d":"2.00"},null,0,null,{"v":298,"d":"298.00"},{"v":596,"d":"596.00"}]
[{"$nulls":6},0,null,{"v":299,"d":"299.00"},0]
[null,"Third Floor",{"$nulls":4},0,null,{"v":300,"d":"300.00"},0]
[1,"1 1/2\" Meadium Pressure pipe.","Nr",{"v":6,"d":"6.00"},{"v":5.7,"d":"5.70"},null,0,null,{"v":301,"d":"301.00"},{"v":1806,"d":"1,806.00"}]
[2,"4\" low Pressure Pipe","Nr",{"v":3,"d":"3.00"},{"v":2.5,"d":"2.50"},null,0,null,{"v":302,"d":"302.00"},{"v":906,"d":"906.00"}]
[3,"1 1/2\" P Trap.","Nr",{"v":4,"d":"4.00"},{"v":4,"d":"4.00"},null,0,null,{"v":303,"d":"303.00"},{"v":1212,"d":"1,212.00"}]
[4,"1 1/2\" Long Sweep Tee.","Nr",{"v":2,"d":"2.00"},{"v":2,"d":"2.00"},null,0,null,{"v":304,"d":"304.00"},{"v":608,"d":"608.00"}]
[5,"1 1/2\" 45° Bent","Nr",{"v":1,"d":"1.00"},{"v":1,"d":"1.00"},null,0,null,{"v":305,"d":"305.00"},{"v":305,"d":"305.00"}]
[6,"4\"/ 90° Bent","Nr",{"v":1,"d":"1.00"},{"v":1,"d":"1.00"},null,0,null,{"v":306,"d":"306.00"},{"v":306,"d":"306.00"}]
[8,"Inspection Chamber","Nr",{"v":1,"d":"1.00"},{"v":1,"d":"1.00"},null,0,null,{"v":307,"d":"307.00"},{"v":307,"d":"307.00"}]
[{"$nulls":6},0,null,{"v":308,"d":"308.00"},0]
["9.2.1","ELECTRICAL BOARDS",{"$nulls":6},{"v":309,"d":"309.00"},0]
[null,"DB","Nr",null,{"v":4,"d":"4.00"},null,0,null,{"v":310,"d":"310.00"},0]
[{"$nulls":6},0,null,{"v":311,"d":"311.00"},0]
[{"$nulls":6},0,null,{"v":312,"d":"312.00"},0]
["9.2.1","ELECTRICAL Fittings.",{"$nulls":6},{"v":313,"d":"313.00"},0]
[null,"Ground Floor",{"$nulls":4},0,null,{"v":314,"d":"314.00"},0]
["a","Wiring",{"$nulls":4},0,null,{"v":315,"d":"315.00"},0]
[1,"1.5sqmm wiring Points.","Nr",{"v":38,"d":"38.00"},null,null,0,null,{"v":316,"d":"316.00"},{"v":12008,"d":"12,008.00"}]
[null,"1.5sqmm Wire (Red)-100m Roll","nr",{"v":4,"d":"4.00"},null,null,0,null,{"v":317,"d":"317.00"},{"v":1268,"d":"1,268.00"}]
[null,"1.5sqmm Wire (Black)-100m Roll","nr",{"v":8,"d":"8.00"},null,null,0,null,{"v":318,"d":"318.00"},{"v":2544,"d":"2,544.00"}]
[null,"1.5sqmm Wire(Yellow)-100m Roll","nr",{"v":8,"d":"8.00"},null,null,0,null,{"v":319,"d":"319.00"},{"v":2552,"d":"2,552.00"}]
[null,"1.5sqmm Wire(Green)-100m Roll","nr",{"v":8,"d":"8.00"},null,null,0,null,{"v":320,"d":"320.00"},{"v":2560,"d":"2,560.00"}]
[{"$nulls":6},0,null,{"v":321,"d":"321.00"},0]
[2,"2.5sqmm Wiring Points","Nr",{"v":28,"d":"28.00"},null,null,0,null,{"v":322,"d":"322.00"},{"v":9016,"d":"9,016.00"}]
[null,"2.5sqmm Wire (Red)-100m Roll","Nr",{"v":3,"d":"3.00"},null,null,0,null,{"v":323,"d":"323.00"},{"v":969,"d":"969.00"}]
[null,"2.5sqmm Wire (Black)-100m Roll","Nr",{"v":6,"d":"6.00"},null,null,0,null,{"v":324,"d":"324.00"},{"v":1944,"d":"1,944.00"}]
[null,"2.5sqmm Wire(Green)-100m Roll","Nr",{"v":6,"d":"6.00"},null,null,0,null,{"v":325,"d":"325.00"},{"v":1950,"d":"1,950.00"}]
[{"$nulls":6},0,null,{"v":326,"d":"326.00"},0]
[3,"Main Wiring Poin","Nr",{"v":1,"d":"1.00"},null,null,0,null,{"v":327,"d":"327.00"},{"v":327,"d":"327.00"}]
[null,"6sqmm 3 core Wire-100m Roll","m",{"v":30,"d":"30.00"},null,null,0,null,{"v":328,"d":"328.00"},{"v":9840,"d":"9,840.00"}]
[{"$nulls":6},0,null,{"v":329,"d":"329.00"},0]
["b","Electrical Fittings.",{"$nulls":4},0,null,{"v":330,"d":"330.00"},0]
[1,"Air condition Unit","nos",{"v":4,"d":"4.00"},null,null,0,null,{"v":331,"d":"331.00"},{"v":1324,"d":"1,324.00"}]
[2,"15A Single Socket Outlet.","nos",{"v":4,"d":"4.00"},null,null,0,null,{"v":332,"d":"332.00"},{"v":1328,"d":"1,328.00"}]
[3,"15A Single Water Proof Socket Outlet.","nos",{"v":1,"d":"1.00"},null,null,0,null,{"v":333,"d":"333.00"},{"v":333,"d":"333.00"}]
[4,"13A Single Socket Outlet.","nos",{"v":6,"d":"6.00"},null,null,0,null,{"v":334,"d":"334.00"},{"v":2004,"d":"2,004.00"}]
[5,"13A Single Water proof Socket Outlet.","nos",{"v":1,"d":"1.00"},null,null,0,null,{"v":335,"d":"335.00"},{"v":335,"d":"335.00"}]
[6,"13A double Socket Outlet.","nos",{"v":12,"d":"12.00"},null,null,0,null,{"v":336,"d":"336.00"},{"v":4032,"d":"4,032.00"}]
[7,"TV point","nos",{"v":2,"d":"2.00"},null,null,0,null,{"v":337,"d":"337.00"},{"v":674,"d":"674.00"}]
[8,"Data network Point.","nos",{"v":2,"d":"2.00"},null,null,0,null,{"v":338,"d":"338.00"},{"v":676,"d":"676.00"}]
[9,"12W LED Lamp","nos",{"v":18,"d":"18.00"},null,null,0,null,{"v":339,"d":"339.00"},{"v":6102,"d":"6,102.00"}]
[10,"Water proof Wall Lamp.","nos",{"v":3,"d":"3.00"},null,null,0,null,{"v":340,"d":"340.00"},{"v":1020,"d":"1,020.00"}]
[11,"Wall Lapmp.","nos",{"v":4,"d":"4.00"},null,null,0,null,{"v":341,"d":"341.00"},{"v":1364,"d":"1,364.00"}]
[12,"Down Light.","nos",{"v":6,"d":"6.00"},null,null,0,null,{"v":342,"d":"342.00"},{"v":2052,"d":"2,052.00"}]
[13,"Ceiling Fan - Big","nos",{"v":4,"d":"4.00"},null,null,0,null,{"v":343,"d":"343.00"},{"v":1372,"d":"1,372.00"}]
[14,"Ceiling Fan - Small.","nos",{"v":1,"d":"1.00"},null,null,0,null,{"v":344,"d":"344.00"},{"v":344,"d":"344.00"}]
[15,"Exhaust Fan","nos",{"v":2,"d":"2.00"},null,null,0,null,{"v":345,"d":"345.00"},{"v":690,"d":"690.00"}]
[16,"1 Gang Switch","nos",{"v":4,"d":"4.00"},null,null,0,null,{"v":346,"d":"346.00"},{"v":1384,"d":"1,384.00"}]
[17,"2 Gang Switch","nos",{"v":8,"d":"8.00"},null,null,0,null,{"v":347,"d":"347.00"},{"v":2776,"d":"2,776.00"}]
[18,"3 Gang Switch","nos",{"v":4,"d":"4.00"},null,null,0,null,{"v":348,"d":"348.00"},{"v":1392,"d":"1,392.00"}]
[19,"Fan regulators","nos",{"v":4,"d":"4.00"},null,null,0,null,{"v":349,"d":"349.00"},{"v":1396,"d":"1,396.00"}]
[20,"Ventilation Duct System","Item",{"v":1,"d":"1.00"},null,null,0,null,{"v":350,"d":"350.00"},{"v":350,"d":"350.00"}]
[21,"Earth","nos",{"v":3,"d":"3.00"},null,null,0,null,{"v":351,"d":"351.00"},{"v":1053,"d":"1,053.00"}]
[{"$nulls":6},0,null,{"v":352,"d":"352.00"},0]
[null,"First Floor & Secound Floor.",{"$nulls":4},0,null,{"v":353,"d":"353.00"},0]
["a","Wiring",{"$nulls":4},0,null,{"v":354,"d":"354.00"},0]
[1,"1.5sqmm wiring Points.","Nr",{"v":56,"d":"56.00"},null,null,0,null,{"v":355,"d":"355.00"},{"v":19880,"d":"19,880.00"}]
[null,"1.5sqmm Wire (Red)-100m Roll","nr",{"v":6,"d":"6.00"},null,null,0,null,{"v":356,"d":"356.00"},{"v":2136,"d":"2,136.00"}]
[null,"1.5sqmm Wire(Yellow)-100m Roll","nr",{"v":12,"d":"12.00"},null,null,0,null,{"v":357,"d":"357.00"},{"v":4284,"d":"4,284.00"}]
[null,"1.5sqmm Wire (Black)-100m Roll","nr",{"v":12,"d":"12.00"},null,null,0,null,{"v":358,"d":"358.00"},{"v":4296,"d":"4,296.00"}]
[null,"1.5sqmm Wire(Green)-100m Roll","nr",{"v":12,"d":"12.00"},null,null,0,null,{"v":359,"d":"359.00"},{"v":4308,"d":"4,308.00"}]
[{"$nulls":6},0,null,{"v":360,"d":"360.00"},0]
[2,"2.5sqmm Wiring Points","Nr",{"v":38,"d":"38.00"},null,null,0,null,{"v":361,"d":"361.00"},{"v":13718,"d":"13,718.00"}]
[null,"2.5sqmm Wire (Red)-100m Roll","Nr",{"v":8,"d":"8.00"},null,null,0,null,{"v":362,"d":"362.00"},{"v":2896,"d":"2,896.00"}]
[null,"2.5sqmm Wire (Black)-100m Roll","Nr",{"v":8,"d":"8.00"},null,null,0,null,{"v":363,"d":"363.00"},{"v":2904,"d":"2,904.00"}]
[null,"2.5sqmm Wire(Green)-100m Roll","Nr",{"v":8,"d":"8.00"},null,null,0,null,{"v":364,"d":"364.00"},{"v":2912,"d":"2,912.00"}]
[{"$nulls":6},0,null,{"v":365,"d":"365.00"},0]
[3,"Main Wiring Poin","Nr",{"v":2,"d":"2.00"},null,null,0,null,{"v":366,"d":"366.00"},{"v":732,"d":"732.00"}]
[null,"6sqmm 3 core Wire-100m Roll","m",{"v":60,"d":"60.00"},null,null,0,null,{"v":367,"d":"367.00"},{"v":22020,"d":"22,020.00"}]
[{"$nulls":6},0,null,{"v":368,"d":"368.00"},0]
["b","Electrical Fittings.",{"$nulls":4},0,null,{"v":369,"d":"369.00"},0]
[1,"Air condition Unit","nos",{"v":4,"d":"4.00"},null,null,0,null,{"v":370,"d":"370.00"},{"v":1480,"d":"1,480.00"}]
[2,"15A Single Socket Outlet.","nos",{"v":4,"d":"4.00"},null,null,0,null,{"v":371,"d":"371.00"},{"v":1484,"d":"1,484.00"}]
[3,"15A Single Water Proof Socket Outlet.","nos",{"v":4,"d":"4.00"},null,null,0,null,{"v":372,"d":"372.00"},{"v":1488,"d":"1,488.00"}]
[4,"13A Single Socket Outlet.","nos",{"v":10,"d":"10.00"},null,null,0,null,{"v":373,"d":"373.00"},{"v":3730,"d":"3,730.00"}]
[5,"13A Single Water proof Socket Outlet.","nos",{"v":4,"d":"4.00"},null,null,0,null,{"v":374,"d":"374.00"},{"v":1496,"d":"1,496.00"}]
[6,"13A double Socket Outlet.","nos",{"v":12,"d":"12.00"},null,null,0,null,{"v":375,"d":"375.00"},{"v":4500,"d":"4,500.00"}]
[7,"TV point","nos",{"v":4,"d":"4.00"},null,null,0,null,{"v":376,"d":"376.00"},{"v":1504,"d":"1,504.00"}]
[8,"Data network Point.","nos",{"v":4,"d":"4.00"},null,null,0,null,{"v":377,"d":"377.00"},{"v":1508,"d":"1,508.00"}]
[9,"12W LED Lamp","nos",{"v":32,"d":"32.00"},null,null,0,null,{"v":378,"d":"378.00"},{"v":12096,"d":"12,096.00"}]
[10,"Water proof Wall Lamp.","nos",{"v":4,"d":"4.00"},null,null,0,null,{"v":379,"d":"379.00"},{"v":1516,"d":"1,516.00"}]
[11,"Wall Lapmp.","nos",{"v":12,"d":"12.00"},null,null,0,null,{"v":380,"d":"380.00"},{"v":4560,"d":"4,560.00"}]
[12,"Ceiling Fan - Big","nos",{"v":4,"d":"4.00"},null,null,0,null,{"v":381,"d":"381.00"},{"v":1524,"d":"1,524.00"}]
[13,"Exhaust Fan","nos",{"v":4,"d":"4.00"},null,null,0,null,{"v":382,"d":"382.00"},{"v":1528,"d":"1,528.00"}]
[14,"1 Gang Switch","nos",{"v":8,"d":"8.00"},null,null,0,null,{"v":383,"d":"383.00"},{"v":3064,"d":"3,064.00"}]
[15,"2 Gang Switch","nos",{"v":20,"d":"20.00"},null,null,0,null,{"v":384,"d":"384.00"},{"v":7680,"d":"7,680.00"}]
[16,"Fan regulators","nos",{"v":4,"d":"4.00"},null,null,0,null,{"v":385,"d":"385.00"},{"v":1540,"d":"1,540.00"}]
[17,"Ventilation Duct System","Item",{"v":2,"d":"2.00"},null,null,0,null,{"v":386,"d":"386.00"},{"v":772,"d":"772.00"}]
[{"$nulls":6},0,null,{"v":387,"d":"387.00"},0]
[null,"Third Floor",{"$nulls":4},0,null,{"v":388,"d":"388.00"},0]
["a","Wiring",{"$nulls":4},0,null,{"v":389,"d":"389.00"},0]
[1,"1.5sqmm wiring Points.","Nr",{"v":25,"d":"25.00"},null,null,0,null,{"v":390,"d":"390.00"},{"v":9750,"d":"9,750.00"}]
[null,"1.5sqmm Wire (Red)-100m Roll","nr",{"v":3,"d":"3.00"},null,null,0,null,{"v":391,"d":"391.00"},{"v":1173,"d":"1,173.00"}]
[null,"1.5sqmm Wire(Yellow)-100m Roll","nr",{"v":5,"d":"5.00"},null,null,0,null,{"v":392,"d":"392.00"},{"v":1960,"d":"1,960.00"}]
[null,"1.5sqmm Wire (Black)-100m Roll","nr",{"v":5,"d":"5.00"},null,null,0,null,{"v":393,"d":"393.00"},{"v":1965,"d":"1,965.00"}]
[null,"1.5sqmm Wire(Green)-100m Roll","nr",{"v":5,"d":"5.00"},null,null,0,null,{"v":394,"d":"394.00"},{"v":1970,"d":"1,970.00"}]
[{"$nulls":6},0,null,{"v":395,"d":"395.00"},0]
[2,"2.5sqmm Wiring Points","Nr",{"v":18,"d":"18.00"},null,null,0,null,{"v":396,"d":"396.00"},{"v":7128,"d":"7,128.00"}]
[null,"2.5sqmm Wire (Red)-100m Roll","Nr",{"v":4,"d":"4.00"},null,null,0,null,{"v":397,"d":"397.00"},{"v":1588,"d":"1,588.00"}]
[null,"2.5sqmm Wire (Black)-100m Roll","Nr",{"v":4,"d":"4.00"},null,null,0,null,{"v":398,"d":"398.00"},{"v":1592,"d":"1,592.00"}]
[null,"2.5sqmm Wire(Green)-100m Roll","Nr",{"v":4,"d":"4.00"},null,null,0,null,{"v":399,"d":"399.00"},{"v":1596,"d":"1,596.00"}]
[{"$nulls":6},0,null,{"v":400,"d":"400.00"},0]
[3,"Main Wiring Poin","Nr",{"v":1,"d":"1.00"},null,null,0,null,{"v":401,"d":"401.00"},{"v":401,"d":"401.00"}]
[null,"6sqmm 3 core Wire-100m Roll","m",{"v":30,"d":"30.00"},null,null,0,null,{"v":402,"d":"402.00"},{"v":12060,"d":"12,060.00"}]
[{"$nulls":6},0,null,{"v":403,"d":"403.00"},0]
["b","Electrical Fittings.",{"$nulls":4},0,null,{"v":404,"d":"404.00"},0]
[1,"Air condition Unit","nos",{"v":1,"d":"1.00"},null,null,0,null,{"v":405,"d":"405.00"},{"v":405,"d":"405.00"}]
[2,"15A Single Socket Outlet.","nos",{"v":4,"d":"4.00"},null,null,0,null,{"v":406,"d":"406.00"},{"v":1624,"d":"1,624.00"}]
[3,"15A Single Water Proof Socket Outlet.","nos",{"v":1,"d":"1.00"},null,null,0,null,{"v":407,"d":"407.00"},{"v":407,"d":"407.00"}]
[4,"13A Single Socket Outlet.","nos",{"v":3,"d":"3.00"},null,null,0,null,{"v":408,"d":"408.00"},{"v":1224,"d":"1,224.00"}]
[5,"13A Single Water proof Socket Outlet.","nos",{"v":2,"d":"2.00"},null,null,0,null,{"v":409,"d":"409.00"},{"v":818,"d":"818.00"}]
[6,"13A double Socket Outlet.","nos",{"v":7,"d":"7.00"},null,null,0,null,{"v":410,"d":"410.00"},{"v":2870,"d":"2,870.00"}]
[7,"TV point","nos",{"v":1,"d":"1.00"},null,null,0,null,{"v":411,"d":"411.00"},{"v":411,"d":"411.00"}]
[8,"Data network Point.","nos",{"v":1,"d":"1.00"},null,null,0,null,{"v":412,"d":"412.00"},{"v":412,"d":"412.00"}]
[9,"12W LED Lamp","nos",{"v":12,"d":"12.00"},null,null,0,null,{"v":413,"d":"413.00"},{"v":4956,"d":"4,956.00"}]
[10,"Water proof Wall Lamp.","nos",{"v":8,"d":"8.00"},null,null,0,null,{"v":414,"d":"414.00"},{"v":3312,"d":"3,312.00"}]
[11,"Wall Lapmp.","nos",{"v":3,"d":"3.00"},null,null,0,null,{"v":415,"d":"415.00"},{"v":1245,"d":"1,245.00"}]
[12,"Ceiling Fan - Big","nos",{"v":1,"d":"1.00"},null,null,0,null,{"v":416,"d":"416.00"},{"v":416,"d":"416.00"}]
[13,"Exhaust Fan","nos",{"v":1,"d":"1.00"},null,null,0,null,{"v":417,"d":"417.00"},{"v":417,"d":"417.00"}]
[14,"1 Gang Switch","nos",{"v":2,"d":"2.00"},null,null,0,null,{"v":418,"d":"418.00"},{"v":836,"d":"836.00"}]
[15,"2 Gang Switch","nos",{"v":5,"d":"5.00"},null,null,0,null,{"v":419,"d":"419.00"},{"v":2095,"d":"2,095.00"}]
[16,"3 Gang Switch","nos",{"v":2,"d":"2.00"},null,null,0,null,{"v":420,"d":"420.00"},{"v":840,"d":"840.00"}]
[17,"Fan regulators","nos",{"v":1,"d":"1.00"},null,null,0,null,{"v":421,"d":"421.00"},{"v":421,"d":"421.00"}]
[18,"Ventilation Duct System","Item",{"v":1,"d":"1.00"},null,null,0,null,{"v":422,"d":"422.00"},{"v":422,"d":"422.00"}]
[{"$nulls":6},0,null,{"v":423,"d":"423.00"},0]
[{"$nulls":6},0,null,{"v":424,"d":"424.00"},0]
[{"$nulls":8},{"v":438,"d":"438.00"},0]
[13,"Cobel Paving",{"$nulls":6},0]
[1,"200 x 100 x 85 mm Corbel paving block 30kN/sqmm","Nr.",{"$error":"#REF!"},{"$error":"#REF!"}]
[2,"M.Sand","Bag.",{"$error":"#REF!"},{"$error":"#REF!"}]
[]
[7.4,"Concrete Floor Hardner finishes."]
[1,"Master top 100","Kg",{"$error":"#REF!"},{"$error":"#REF!"}]
[]
[14,"Water Proofing"]
[null,"Ground Floor "]
[1,"Moyaproof WS2(M) 25kg set","Nr.",{"$error":"#REF!"},{"$error":"#REF!"}]
[]
[null,"First  Floor "]
[1,"Moyaproof WS2(M) 25kg set","Nr.",{"$error":"#REF!"},{"$error":"#REF!"}]
[]
[]
[15,"Other Materials",{"$nulls":7},{"$error":"#REF!"},0,{"$error":"#REF!"},{"$error":"#REF!"},{"$error":"#REF!"}]
[1,"12mm Plywood Sheet ( 8x4 ft)","Nr.",{"v":28,"d":"28.00"},null,null,0]
[2,"2\"x2\" Timber 8ft","Nr.",{"v":100,"d":"100.00"},{"v":100,"d":"100.00"},null,0]
[3,"1\" wire Nail","kg",{"v":10,"d":"10.00"},{"v":10,"d":"10.00"},null,0]
[4,"2.5\" wire Nail","kg",{"v":10,"d":"10.00"},{"v":15,"d":"15.00"},null,0]
[5,"3\" wire Nail","kg",{"v":1,"d":"1.00"},{"v":15,"d":"15.00"},null,0]
[6,"2\" Concrete Nail","kg",{"v":5,"d":"5.00"},{"v":5,"d":"5.00"},null,0]
[7,"Strings -30m","Nr.",{"v":5,"d":"5.00"},{"v":5,"d":"5.00"},null,0]
[8,"Bonding Agent","L",{"v":10,"d":"10.00"},{"v":10,"d":"10.00"},null,0]
[]
[null,"Note:- "]
[null,"-Assumed Shuttering with mebers, GI pipes and Jack supports for upper  floor Slabs will be taking by hire."]

{"sheet":"11- Fire Protection","index":16,"n_rows":28,"n_cols":6,"rows_kept":28,"hidden":true,"merged":[[1,0,1,1]],"flags":["formulas_cached_only"]}
[{"$error":"#REF!"}]
[]
["SL.No","Description","Unit","Qty","Rate","Total"]
[null,"BILL No: 11"]
[null,"FIRE PROTECTION"]
[11.1,"GENERAL"]
[null,"(a) Rates shall include for: screws, nails, bolts, nuts, standard cable fixing or supporting clips, brackets, straps, rivets, plugs and all incidental accessories"]
[null,"(b) Rates for cable conduits, fittings, equipment and similar items shall include for: all fixings to various building surfaces"]
[null,"(c) Rates shall include for all necessary electrical wiring and accessories required for completion "]
[null,"(d) All items shall be supply and complete installation "]
[]
[11.2,"FIRE FIGHTING SYSTEM"]
[{"v":1,"d":"(1)"},"Extinguisher (2kg CO2) with Cabinet","nr",{"v":7,"d":"7.00"},null,0]
[{"v":2,"d":"(2)"},"Extinguisher (9Ltr H2O) with Cabinet","nr",{"v":1,"d":"1.00"},null,0]
[{"v":3,"d":"(3)"},"Extinguisher (9kg Dry Chemical) with Cabinet","nr",{"v":1,"d":"1.00"},null,0]
[]
[]
[11.3,"FIRE DETECTION SYSTEM"]
[{"v":1,"d":"(1)"},"Fire alarm control panel as per MNDF standard","nr",{"v":1,"d":"1.00"},null,0]
[{"v":2,"d":"(2)"},"Smoke detector (fixed 80°)","nr",{"v":2,"d":"2.00"},null,0]
[{"v":3,"d":"(3)"},"Heat detector ","nr",{"v":2,"d":"2.00"},null,0]
[]
[]
[]
[]
[]
[null,"BILL No: 11 - FIRE PROTECTION"]
[null,"TOTAL OF BILL No: 11 - FIRE PROTECTION",{"$nulls":3},0]